{"text_format":"3","workbook":"xlsx","n_sheets":8,"sheets":["2025 Indikatif","Gaji Existing","Rekap","Personil","Perlengkapan Kerja","Kebersihan","Sheet1","Sheet2"],"not_rendered":{"defined_names":4},"read":"whole","date_system":"1900"}

{"sheet":"2025 Indikatif","index":0,"n_rows":81,"n_cols":18,"rows_kept":81,"hidden":true,"merged":[[0,0,2,0],[0,1,2,1],[0,2,0,6],[0,7,0,11],[1,2,1,4],[1,5,2,5],[1,6,2,6],[1,7,1,9],[1,10,2,10],[1,11,2,11],[20,16,20,21],[21,16,21,21],[22,16,22,21],[23,16,23,21],[24,16,24,21],[27,16,27,18],[28,16,28,18],[29,16,29,18],[30,16,30,18],[31,16,31,18],[34,16,34,18],[35,16,35,18],[36,16,36,18],[37,16,37,18]]}
["No.","item","2025 MIRIS",{"$nulls":4},"2025 IDEAL"]
[null,null,"Volume",null,null,"Harga Satuan","Jumlah","Volume",null,null,"Harga Satuan","Jumlah"]
[null,null,"Orang","Bulan/ Kali","Total",null,null,"Orang","Bulan/Kali","Total"]
["A","Upah",{"$nulls":4},{"$f":"SUM(G5:G14)","v":{"v":5153520000,"d":"Rp5,153,520,000.00"}},{"$nulls":4},{"$f":"SUM(L5:L14)","v":{"v":6702180000,"d":"Rp6,702,180,000.00"}},null,"NB:"]
[1,"Resepsionis",2,12,{"$f":"C5*D5","v":24},{"v":5250000,"d":"Rp5,250,000.00"},{"$f":"E5*F5","v":{"v":126000000,"d":"Rp126,000,000.00"}},2,12,{"$f":"H5*I5","v":24},{"v":5250000,"d":"Rp5,250,000.00"},{"$f":"J5*K5","v":{"v":126000000,"d":"Rp126,000,000.00"}},null,"1.","Gaji 2025 masih berdasarkan asumsi SBM 2024"]
[2,"Supervisor",1,12,{"$f":"C6*D6","v":12},{"v":5750000,"d":"Rp5,750,000.00"},{"$f":"E6*F6","v":{"v":69000000,"d":"Rp69,000,000.00"}},2,12,{"$f":"H6*I6","v":24},{"v":5750000,"d":"Rp5,750,000.00"},{"v":138000000,"d":"Rp138,000,000.00"}]
[3,"Petugas Taman",4,12,48,{"v":5104000,"d":"Rp5,104,000.00"},{"v":244992000,"d":"Rp244,992,000.00"},4,12,48,{"v":5104000,"d":"Rp5,104,000.00"},{"v":244992000,"d":"Rp244,992,000.00"},null,"Pembagian Tugas Pramubakti"]
[4,"Petugas Kebersihan",19,12,228,{"v":5104000,"d":"Rp5,104,000.00"},{"v":1163712000,"d":"Rp1,163,712,000.00"},19,12,228,{"v":5104000,"d":"Rp5,104,000.00"},{"v":1163712000,"d":"Rp1,163,712,000.00"},null,null,"Lantai","Taman","Kebersihan","Pramubakti"]
[5,"Pramubakti",7,12,84,{"v":5104000,"d":"Rp5,104,000.00"},{"v":428736000,"d":"Rp428,736,000.00"},7,12,84,{"v":5104000,"d":"Rp5,104,000.00"},{"v":428736000,"d":"Rp428,736,000.00"},null,null,"Basement & Lapangan",4,3,0]
[6,"Koord. Satpam",1,12,12,{"v":6215000,"d":"Rp6,215,000.00"},{"v":74580000,"d":"Rp74,580,000.00"},1,12,12,{"v":6215000,"d":"Rp6,215,000.00"},{"v":74580000,"d":"Rp74,580,000.00"},null,null,1,0,1,1]
[7,"Danru Satpam",4,12,48,{"v":5915000,"d":"Rp5,915,000.00"},{"v":283920000,"d":"Rp283,920,000.00"},4,12,48,{"v":5915000,"d":"Rp5,915,000.00"},{"v":283920000,"d":"Rp283,920,000.00"},null,null,"1B",0,2,0]
[8,"Anggota Satpam",19,12,228,{"v":5615000,"d":"Rp5,615,000.00"},{"v":1280220000,"d":"Rp1,280,220,000.00"},23,12,276,{"v":5615000,"d":"Rp5,615,000.00"},{"v":1549740000,"d":"Rp1,549,740,000.00"},null,null,2,0,3,1]
[9,"Pengemudi",22,12,264,{"v":5615000,"d":"Rp5,615,000.00"},{"v":1482360000,"d":"Rp1,482,360,000.00"},25,12,300,{"v":5615000,"d":"Rp5,615,000.00"},{"v":1684500000,"d":"Rp1,684,500,000.00"},null,null,3,0,3,1]
[10,"Teknisi",0,12,0,0,0,16,12,192,{"v":5250000,"d":"Rp5,250,000.00"},{"v":1008000000,"d":"Rp1,008,000,000.00"},null,null,4,0,3,1]
["B","Non Upah",{"$nulls":12},5,0,1,1]
["i","Lembur",{"$nulls":4},{"$f":"SUM(G17:G26)","v":{"v":171864000,"d":"Rp171,864,000.00"}},{"$nulls":4},{"$f":"SUM(L17:L26)","v":{"v":274414884.3930636,"d":"Rp274,414,884.39"}},null,null,6,0,2,1]
[1,"Resepsionis",{"$f":"C5","v":2},0,{"$f":"C17*D17","v":0},{"v":186000,"d":"Rp186,000.00"},{"$f":"E17*F17","v":0},{"$f":"H5","v":2},12,{"$f":"H17*I17","v":24},{"$f":"K5/173*17*5/12","v":{"v":214956.64739884392,"d":"Rp214,956.65"}},{"$f":"J17*K17","v":{"v":5158959.537572254,"d":"Rp5,158,959.54"}},null,null,"Wisma Mandiri",0,1,1]
[2,"Supervisor",{"$f":"C6","v":1},12,12,{"v":186000,"d":"Rp186,000.00"},{"v":2232000,"d":"Rp2,232,000.00"},{"$f":"H6","v":2},12,24,{"$f":"K6/173*17*5/12","v":{"v":235428.70905587668,"d":"Rp235,428.71"}},{"v":5650289.01734104,"d":"Rp5,650,289.02"},null,null,"TOTAL",{"$f":"SUM(P9:P17)","v":4},19,{"$f":"SUM(R9:R17)","v":7}]
[3,"Petugas Taman",4,12,48,{"v":186000,"d":"Rp186,000.00"},{"v":8928000,"d":"Rp8,928,000.00"},4,12,48,{"v":208978.80539499037,"d":"Rp208,978.81"},{"v":10030982.658959538,"d":"Rp10,030,982.66"}]
[4,"Petugas Kebersihan",19,12,228,{"v":186000,"d":"Rp186,000.00"},{"v":42408000,"d":"Rp42,408,000.00"},19,12,228,{"v":208978.80539499037,"d":"Rp208,978.81"},{"v":47647167.630057804,"d":"Rp47,647,167.63"},null,"Pembagian Tugas Satpam"]
[5,"Pramubakti",7,12,84,{"v":186000,"d":"Rp186,000.00"},{"v":15624000,"d":"Rp15,624,000.00"},7,12,84,{"v":208978.80539499037,"d":"Rp208,978.81"},{"v":17554219.65317919,"d":"Rp17,554,219.65"},null,null,"Tugas","Jumlah","Keterangan"]
[6,"Koord. Satpam",1,12,12,{"v":186000,"d":"Rp186,000.00"},{"v":2232000,"d":"Rp2,232,000.00"},1,12,12,{"v":254467.72639691713,"d":"Rp254,467.73"},{"v":3053612.7167630056,"d":"Rp3,053,612.72"},null,null,"Komandan Regu",4,"Dibagi menjadi 4 regu"]
[7,"Danru Satpam",4,12,48,{"v":186000,"d":"Rp186,000.00"},{"v":8928000,"d":"Rp8,928,000.00"},4,12,48,{"v":242184.48940269745,"d":"Rp242,184.49"},{"v":11624855.491329478,"d":"Rp11,624,855.49"},null,null,"Anggota Regu",{"$f":"4*4","v":16},"4 orang per regu"]
[8,"Anggota Satpam",19,12,228,{"v":186000,"d":"Rp186,000.00"},{"v":42408000,"d":"Rp42,408,000.00"},23,12,276,{"v":229901.25240847783,"d":"Rp229,901.25"},{"v":63452745.66473988,"d":"Rp63,452,745.66"},null,null,"Anggota non-Regu",7,"dirolling bergantian setiap bulan antara regu dan non regu"]
[9,"Pengemudi",22,12,264,{"v":186000,"d":"Rp186,000.00"},{"v":49104000,"d":"Rp49,104,000.00"},25,12,300,{"v":229901.25240847783,"d":"Rp229,901.25"},{"v":68970375.72254334,"d":"Rp68,970,375.72"},null,null,"TOTAL",{"$f":"SUM(P22:P24)","v":27}]
[10,"Teknisi",0,12,0,{"v":186000,"d":"Rp186,000.00"},0,16,12,192,{"v":214956.64739884392,"d":"Rp214,956.65"},{"v":41271676.300578035,"d":"Rp41,271,676.30"}]
["ii","BPJS Kesehatan ditanggung pemberi kerja 4%",{"$nulls":4},{"$f":"SUM(G28:G37)","v":{"v":206140800,"d":"Rp206,140,800.00"}},{"$nulls":4},{"$f":"SUM(L28:L37)","v":{"v":268087200,"d":"Rp268,087,200.00"}},null,"Pembagian Tugas Driver"]
[1,"Resepsionis",{"$f":"C5","v":2},12,{"$f":"C28*D28","v":24},{"$f":"4%*F5","v":{"v":210000,"d":"Rp210,000.00"}},{"$f":"E28*F28","v":{"v":5040000,"d":"Rp5,040,000.00"}},{"$f":"H5","v":2},12,{"$f":"H28*I28","v":24},{"$f":"4%*K5","v":{"v":210000,"d":"Rp210,000.00"}},{"$f":"J28*K28","v":{"v":5040000,"d":"Rp5,040,000.00"}},null,null,"Tugas","Jumlah","Keterangan"]
[2,"Supervisor",{"$f":"C6","v":1},12,12,{"$f":"4%*F6","v":{"v":230000,"d":"Rp230,000.00"}},{"v":2760000,"d":"Rp2,760,000.00"},{"$f":"H6","v":2},12,24,{"$f":"4%*K6","v":{"v":230000,"d":"Rp230,000.00"}},{"v":5520000,"d":"Rp5,520,000.00"},null,null,"Eselon I dan Kepala",5]
[3,"Petugas Taman",4,12,48,{"v":204160,"d":"Rp204,160.00"},{"v":9799680,"d":"Rp9,799,680.00"},4,12,48,{"v":204160,"d":"Rp204,160.00"},{"v":9799680,"d":"Rp9,799,680.00"},null,null,"Eselon II",15,"belum menghitung 2 Tenaga Ahli"]
[4,"Petugas Kebersihan",19,12,228,{"v":204160,"d":"Rp204,160.00"},{"v":46548480,"d":"Rp46,548,480.00"},19,12,228,{"v":204160,"d":"Rp204,160.00"},{"v":46548480,"d":"Rp46,548,480.00"},null,null,"Antar Jemput+Operasional",5]
[5,"Pramubakti",7,12,84,{"v":204160,"d":"Rp204,160.00"},{"v":17149440,"d":"Rp17,149,440.00"},7,12,84,{"v":204160,"d":"Rp204,160.00"},{"v":17149440,"d":"Rp17,149,440.00"},null,null,"TOTAL",{"$f":"SUM(P29:P31)","v":25}]
[6,"Koord. Satpam",1,12,12,{"v":248600,"d":"Rp248,600.00"},{"v":2983200,"d":"Rp2,983,200.00"},1,12,12,{"v":248600,"d":"Rp248,600.00"},{"v":2983200,"d":"Rp2,983,200.00"}]
[7,"Danru Satpam",4,12,48,{"v":236600,"d":"Rp236,600.00"},{"v":11356800,"d":"Rp11,356,800.00"},4,12,48,{"v":236600,"d":"Rp236,600.00"},{"v":11356800,"d":"Rp11,356,800.00"},null,"Pembagian Tugas Teknisi"]
[8,"Anggota Satpam",19,12,228,{"v":224600,"d":"Rp224,600.00"},{"v":51208800,"d":"Rp51,208,800.00"},23,12,276,{"v":224600,"d":"Rp224,600.00"},{"v":61989600,"d":"Rp61,989,600.00"},null,null,"Tugas","Jumlah","Keterangan"]
[9,"Pengemudi",22,12,264,{"v":224600,"d":"Rp224,600.00"},{"v":59294400,"d":"Rp59,294,400.00"},25,12,300,{"v":224600,"d":"Rp224,600.00"},{"v":67380000,"d":"Rp67,380,000.00"},null,null,"M/E","....","...."]
[10,"Teknisi",0,12,0,0,0,16,12,192,{"v":210000,"d":"Rp210,000.00"},{"v":40320000,"d":"Rp40,320,000.00"},null,null,"Sipil","....","...."]
["iii","BPJS Ketenagakerjaan ditanggung pemberi kerja 4,24%",{"$nulls":4},{"$f":"SUM(G39:G48)","v":{"v":218509248,"d":"Rp218,509,248.00"}},{"$nulls":4},{"$f":"SUM(L39:L48)","v":{"v":284172432,"d":"Rp284,172,432.00"}},null,null,"TOTAL","...."]
[1,"Resepsionis",{"$f":"C5","v":2},12,{"$f":"C39*D39","v":24},{"$f":"4.24%*F5","v":{"v":222600,"d":"Rp222,600.00"}},{"$f":"E39*F39","v":{"v":5342400,"d":"Rp5,342,400.00"}},{"$f":"H5","v":2},12,{"$f":"H39*I39","v":24},{"$f":"4.24%*K5","v":{"v":222600,"d":"Rp222,600.00"}},{"$f":"J39*K39","v":{"v":5342400,"d":"Rp5,342,400.00"}}]
[2,"Supervisor",{"$f":"C6","v":1},12,12,{"v":243800,"d":"Rp243,800.00"},{"v":2925600,"d":"Rp2,925,600.00"},{"$f":"H6","v":2},12,24,{"v":243800,"d":"Rp243,800.00"},{"v":5851200,"d":"Rp5,851,200.00"}]
[3,"Petugas Taman",4,12,48,{"v":216409.6,"d":"Rp216,409.60"},{"v":10387660.8,"d":"Rp10,387,660.80"},4,12,48,{"v":216409.6,"d":"Rp216,409.60"},{"v":10387660.8,"d":"Rp10,387,660.80"}]
[4,"Petugas Kebersihan",19,12,228,{"v":216409.6,"d":"Rp216,409.60"},{"v":49341388.800000004,"d":"Rp49,341,388.80"},19,12,228,{"v":216409.6,"d":"Rp216,409.60"},{"v":49341388.800000004,"d":"Rp49,341,388.80"}]
[5,"Pramubakti",7,12,84,{"v":216409.6,"d":"Rp216,409.60"},{"v":18178406.400000002,"d":"Rp18,178,406.40"},7,12,84,{"v":216409.6,"d":"Rp216,409.60"},{"v":18178406.400000002,"d":"Rp18,178,406.40"}]
[6,"Koord. Satpam",1,12,12,{"v":263516,"d":"Rp263,516.00"},{"v":3162192,"d":"Rp3,162,192.00"},1,12,12,{"v":263516,"d":"Rp263,516.00"},{"v":3162192,"d":"Rp3,162,192.00"}]
[7,"Danru Satpam",4,12,48,{"v":250796,"d":"Rp250,796.00"},{"v":12038208,"d":"Rp12,038,208.00"},4,12,48,{"v":250796,"d":"Rp250,796.00"},{"v":12038208,"d":"Rp12,038,208.00"}]
[8,"Anggota Satpam",19,12,228,{"v":238076,"d":"Rp238,076.00"},{"v":54281328,"d":"Rp54,281,328.00"},23,12,276,{"v":238076,"d":"Rp238,076.00"},{"v":65708976,"d":"Rp65,708,976.00"}]
[9,"Pengemudi",22,12,264,{"v":238076,"d":"Rp238,076.00"},{"v":62852064,"d":"Rp62,852,064.00"},25,12,300,{"v":238076,"d":"Rp238,076.00"},{"v":71422800,"d":"Rp71,422,800.00"}]
[10,"Teknisi",0,12,0,0,0,16,12,192,{"v":222600,"d":"Rp222,600.00"},{"v":42739200,"d":"Rp42,739,200.00"}]
["iv","Tunjangan Hari Raya",{"$nulls":4},{"$f":"SUM(G50:G59)","v":{"v":429460000,"d":"Rp429,460,000.00"}},{"$nulls":4},{"$f":"SUM(L50:L59)","v":{"v":558515000,"d":"Rp558,515,000.00"}}]
[1,"Resepsionis",{"$f":"C5","v":2},1,{"$f":"C50*D50","v":2},{"$f":"F5","v":{"v":5250000,"d":"Rp5,250,000.00"}},{"$f":"E50*F50","v":{"v":10500000,"d":"Rp10,500,000.00"}},{"$f":"H5","v":2},1,{"$f":"H50*I50","v":2},{"$f":"K5","v":{"v":5250000,"d":"Rp5,250,000.00"}},{"$f":"J50*K50","v":{"v":10500000,"d":"Rp10,500,000.00"}}]
[2,"Supervisor",{"$f":"C6","v":1},1,1,{"$f":"F6","v":{"v":5750000,"d":"Rp5,750,000.00"}},{"v":5750000,"d":"Rp5,750,000.00"},{"$f":"H6","v":2},1,2,{"$f":"K6","v":{"v":5750000,"d":"Rp5,750,000.00"}},{"v":11500000,"d":"Rp11,500,000.00"}]
[3,"Petugas Taman",4,1,4,{"v":5104000,"d":"Rp5,104,000.00"},{"v":20416000,"d":"Rp20,416,000.00"},4,1,4,{"v":5104000,"d":"Rp5,104,000.00"},{"v":20416000,"d":"Rp20,416,000.00"}]
[4,"Petugas Kebersihan",19,1,19,{"v":5104000,"d":"Rp5,104,000.00"},{"v":96976000,"d":"Rp96,976,000.00"},19,1,19,{"v":5104000,"d":"Rp5,104,000.00"},{"v":96976000,"d":"Rp96,976,000.00"}]
[5,"Pramubakti",7,1,7,{"v":5104000,"d":"Rp5,104,000.00"},{"v":35728000,"d":"Rp35,728,000.00"},7,1,7,{"v":5104000,"d":"Rp5,104,000.00"},{"v":35728000,"d":"Rp35,728,000.00"}]
[6,"Koord. Satpam",1,1,1,{"v":6215000,"d":"Rp6,215,000.00"},{"v":6215000,"d":"Rp6,215,000.00"},1,1,1,{"v":6215000,"d":"Rp6,215,000.00"},{"v":6215000,"d":"Rp6,215,000.00"}]
[7,"Danru Satpam",4,1,4,{"v":5915000,"d":"Rp5,915,000.00"},{"v":23660000,"d":"Rp23,660,000.00"},4,1,4,{"v":5915000,"d":"Rp5,915,000.00"},{"v":23660000,"d":"Rp23,660,000.00"}]
[8,"Anggota Satpam",19,1,19,{"v":5615000,"d":"Rp5,615,000.00"},{"v":106685000,"d":"Rp106,685,000.00"},23,1,23,{"v":5615000,"d":"Rp5,615,000.00"},{"v":129145000,"d":"Rp129,145,000.00"}]
[9,"Pengemudi",22,1,22,{"v":5615000,"d":"Rp5,615,000.00"},{"v":123530000,"d":"Rp123,530,000.00"},25,1,25,{"v":5615000,"d":"Rp5,615,000.00"},{"v":140375000,"d":"Rp140,375,000.00"}]
[10,"Teknisi",0,1,0,0,0,16,1,16,{"v":5250000,"d":"Rp5,250,000.00"},{"v":84000000,"d":"Rp84,000,000.00"}]
["v","Kompensasi PKWT",{"$nulls":4},{"$f":"SUM(G61:G70)","v":0},{"$nulls":4},{"$f":"SUM(L61:L70)","v":{"v":558515000,"d":"Rp558,515,000.00"}}]
[1,"Resepsionis",{"$f":"C5","v":2},0,{"$f":"C61*D61","v":0},{"$f":"F5","v":{"v":5250000,"d":"Rp5,250,000.00"}},{"$f":"E61*F61","v":0},{"$f":"H5","v":2},1,{"$f":"H61*I61","v":2},{"$f":"K5","v":{"v":5250000,"d":"Rp5,250,000.00"}},{"$f":"J61*K61","v":{"v":10500000,"d":"Rp10,500,000.00"}}]
[2,"Supervisor",{"$f":"C6","v":1},0,0,{"$f":"F6","v":{"v":5750000,"d":"Rp5,750,000.00"}},0,{"$f":"H6","v":2},1,2,{"$f":"K6","v":{"v":5750000,"d":"Rp5,750,000.00"}},{"v":11500000,"d":"Rp11,500,000.00"}]
[3,"Petugas Taman",4,0,0,{"v":5104000,"d":"Rp5,104,000.00"},0,4,1,4,{"v":5104000,"d":"Rp5,104,000.00"},{"v":20416000,"d":"Rp20,416,000.00"}]
[4,"Petugas Kebersihan",19,0,0,{"v":5104000,"d":"Rp5,104,000.00"},0,19,1,19,{"v":5104000,"d":"Rp5,104,000.00"},{"v":96976000,"d":"Rp96,976,000.00"}]
[5,"Pramubakti",7,0,0,{"v":5104000,"d":"Rp5,104,000.00"},0,7,1,7,{"v":5104000,"d":"Rp5,104,000.00"},{"v":35728000,"d":"Rp35,728,000.00"}]
[6,"Koord. Satpam",1,0,0,{"v":6215000,"d":"Rp6,215,000.00"},0,1,1,1,{"v":6215000,"d":"Rp6,215,000.00"},{"v":6215000,"d":"Rp6,215,000.00"}]
[7,"Danru Satpam",4,0,0,{"v":5915000,"d":"Rp5,915,000.00"},0,4,1,4,{"v":5915000,"d":"Rp5,915,000.00"},{"v":23660000,"d":"Rp23,660,000.00"}]
[8,"Anggota Satpam",19,0,0,{"v":5615000,"d":"Rp5,615,000.00"},0,23,1,23,{"v":5615000,"d":"Rp5,615,000.00"},{"v":129145000,"d":"Rp129,145,000.00"}]
[9,"Pengemudi",22,0,0,{"v":5615000,"d":"Rp5,615,000.00"},0,25,1,25,{"v":5615000,"d":"Rp5,615,000.00"},{"v":140375000,"d":"Rp140,375,000.00"}]
[10,"Teknisi",0,0,0,0,0,16,1,16,{"v":5250000,"d":"Rp5,250,000.00"},{"v":84000000,"d":"Rp84,000,000.00"}]
["B","Operasional",{"$nulls":4},{"$f":"SUM(G72:G77)","v":{"v":218300000,"d":"Rp218,300,000.00"}},{"$nulls":4},{"$f":"SUM(L72:L77)","v":{"v":352500000,"d":"Rp352,500,000.00"}}]
[1,"Seragam",{"$f":"SUM(C5,C6,C7,C8,C9,C13)","v":55},2,{"$f":"C72*D72","v":110},{"v":550000,"d":"Rp550,000.00"},{"$f":"E72*F72","v":{"v":60500000,"d":"Rp60,500,000.00"}},{"$f":"SUM(H5,H6,H7,H8,H9,H13)","v":59},2,{"$f":"H72*I72","v":118},{"v":550000,"d":"Rp550,000.00"},{"$f":"J72*K72","v":{"v":64900000,"d":"Rp64,900,000.00"}}]
[2,"Pengembangan Pegawai",{"$f":"SUM(C5,C7,C8,C9,C13,C14)","v":54},1,54,{"v":1500000,"d":"Rp1,500,000.00"},{"v":81000000,"d":"Rp81,000,000.00"},{"$f":"SUM(H5,H7,H8,H9,H11,H12,H13,H14)","v":100},1,100,{"v":1500000,"d":"Rp1,500,000.00"},{"v":150000000,"d":"Rp150,000,000.00"}]
[3,"Seragam Satpam dan Teknisi",{"$f":"SUM(C10,C11,C12,C14)","v":24},2,48,{"v":1200000,"d":"Rp1,200,000.00"},{"v":57600000,"d":"Rp57,600,000.00"},{"$f":"SUM(H10,H11,H12,H14)","v":44},2,88,{"v":1200000,"d":"Rp1,200,000.00"},{"v":105600000,"d":"Rp105,600,000.00"}]
[4,"Pelatihan dan Refresh",{"$f":"SUM(C10,C11,C12)","v":24},4,96,{"v":100000,"d":"Rp100,000.00"},{"v":9600000,"d":"Rp9,600,000.00"},{"$f":"SUM(H10,H11,H12)","v":28},4,112,{"v":100000,"d":"Rp100,000.00"},{"v":11200000,"d":"Rp11,200,000.00"}]
[5,"Patroli dan Koordinasi",{"$f":"SUM(C10,C11,C12)","v":24},4,96,{"v":100000,"d":"Rp100,000.00"},{"v":9600000,"d":"Rp9,600,000.00"},{"$f":"SUM(H11,H12,H13)","v":52},4,208,{"v":100000,"d":"Rp100,000.00"},{"v":20800000,"d":"Rp20,800,000.00"}]
[6,"Pengembangan Satpam & Legalitas",8,0,0,{"v":6000000,"d":"Rp6,000,000.00"},0,0,0,0,0,0]
["C","MANAGEMENT FEE",{"$nulls":4},{"$f":"10%*SUM(G4,G16,G27,G38,G49,G60,G71)","v":{"v":639779404.8000001,"d":"Rp639,779,404.80"}},{"$nulls":4},{"$f":"10%*SUM(L4,L16,L27,L38,L49,L60,L71)","v":{"v":899838451.6393063,"d":"Rp899,838,451.64"}}]
[{"$nulls":5},"SUBTOTAL",{"$f":"SUM(G4,G16,G27,G38,G49,G60,G71,G78)","v":{"v":7037573452.8,"d":"Rp7,037,573,452.80"}},{"$nulls":3},"SUBTOTAL",{"$f":"SUM(L4,L16,L27,L38,L49,L60,L71,L78)","v":{"v":9898222968.03237,"d":"Rp9,898,222,968.03"}}]
[{"$nulls":5},"PPN 12%",{"$f":"G79*12%","v":{"v":844508814.336,"d":"Rp844,508,814.34"}},{"$nulls":3},"PPN 12%",{"$f":"L79*12%","v":{"v":1187786756.1638844,"d":"Rp1,187,786,756.16"}}]
[{"$nulls":5},"TOTAL",{"$f":"G79+G80","v":{"v":7882082267.136,"d":"Rp7,882,082,267.14"}},{"$nulls":3},"TOTAL",{"$f":"L79+L80","v":{"v":11086009724.196255,"d":"Rp11,086,009,724.20"}}]

{"sheet":"Gaji Existing","index":1,"n_rows":102,"n_cols":25,"rows_kept":102,"hidden":true,"merged":[[0,0,2,0],[0,1,2,1],[0,2,0,6],[1,2,1,4],[1,5,2,5],[1,6,2,6]]}
["No.","ITEM","2025 IDEAL"]
[null,null,"Volume",null,null,"Harga Satuan","Jumlah"]
[null,null,"Orang","Bulan/Kali","Total"]
["A","Upah",{"$nulls":4},{"$f":"SUM(G5:G14)","v":{"v":6000516000,"d":"Rp6,000,516,000.00"}},{"$nulls":15},{"v":5104000,"d":"5,104,000.00"},{"v":5513000,"d":"5,513,000.00"},{"$f":"X4-W4","v":{"v":409000,"d":"409,000.00"}}]
[1,"Resepsionis",2,12,{"$f":"C5*D5","v":24},{"v":5250000,"d":"Rp5,250,000.00"},{"$f":"E5*F5","v":{"v":126000000,"d":"Rp126,000,000.00"}},{"$nulls":15},{"v":5615000,"d":"5,615,000.00"},{"v":6065000,"d":"6,065,000.00"},{"$f":"X5-W5","v":{"v":450000,"d":"450,000.00"}}]
[2,"Supervisor",2,12,{"$f":"C6*D6","v":24},{"v":5750000,"d":"Rp5,750,000.00"},{"$f":"E6*F6","v":{"v":138000000,"d":"Rp138,000,000.00"}}]
[3,"Petugas Taman",4,12,48,{"v":5104000,"d":"Rp5,104,000.00"},{"v":244992000,"d":"Rp244,992,000.00"},null,"Pembagian Tugas Pramubakti"]
[4,"Petugas Kebersihan",18,12,216,{"v":5104000,"d":"Rp5,104,000.00"},{"v":1102464000,"d":"Rp1,102,464,000.00"},null,null,"Lantai","Gardener","Kebersihan","Pramubakti",{"$nulls":3},"Jabatan","Gaji 2024","Selisih","Gaji 2025","PPN","Management Fee","Total","SBM"]
[5,"Pramubakti",10,12,120,{"v":5104000,"d":"Rp5,104,000.00"},{"v":612480000,"d":"Rp612,480,000.00"},null,null,"Basement, Klinik, dan Masjid",4,2,0,{"$nulls":3},"Resepsionis",{"v":5250000,"d":"Rp5,250,000.00"},{"v":150000,"d":"Rp150,000.00"},{"$f":"R9+S9","v":{"v":5400000,"d":"Rp5,400,000.00"}},{"$f":"T9*12%","v":{"v":648000,"d":"Rp648,000.00"}},{"$f":"10%*T9","v":{"v":540000,"d":"Rp540,000.00"}},{"$f":"T9+U9+V9","v":{"v":6588000,"d":"Rp6,588,000.00"}},0]
[6,"Koord. Satpam",1,12,12,{"v":6215000,"d":"Rp6,215,000.00"},{"v":74580000,"d":"Rp74,580,000.00"},null,null,"Lapangan",0,2,0,{"$nulls":3},"Supervisor",{"v":5750000,"d":"Rp5,750,000.00"},{"v":150000,"d":"Rp150,000.00"},{"$f":"R10+S10","v":{"v":5900000,"d":"Rp5,900,000.00"}},{"$f":"T10*12%","v":{"v":708000,"d":"Rp708,000.00"}},{"$f":"10%*T10","v":{"v":590000,"d":"Rp590,000.00"}},{"$f":"T10+U10+V10","v":{"v":7198000,"d":"Rp7,198,000.00"}},0]
[7,"Danru Satpam",5,12,60,{"v":5915000,"d":"Rp5,915,000.00"},{"v":354900000,"d":"Rp354,900,000.00"},null,null,"Lantai 1",0,2,1,{"$nulls":3},"Petugas Taman",{"v":5104000,"d":"Rp5,104,000.00"},{"v":150000,"d":"Rp150,000.00"},{"v":5254000,"d":"Rp5,254,000.00"},{"v":630480,"d":"Rp630,480.00"},{"v":525400,"d":"Rp525,400.00"},{"v":6409880,"d":"Rp6,409,880.00"},{"$f":"5513000*1.25","v":{"v":6891250,"d":"Rp6,891,250.00"}}]
[8,"Anggota Satpam",23,12,276,{"v":5615000,"d":"Rp5,615,000.00"},{"v":1549740000,"d":"Rp1,549,740,000.00"},null,null,"Lantai 2",0,3,1,{"$nulls":3},"Petugas Kebersihan",{"v":5104000,"d":"Rp5,104,000.00"},{"v":150000,"d":"Rp150,000.00"},{"v":5254000,"d":"Rp5,254,000.00"},{"v":630480,"d":"Rp630,480.00"},{"v":525400,"d":"Rp525,400.00"},{"v":6409880,"d":"Rp6,409,880.00"},{"$f":"5513000*1.25","v":{"v":6891250,"d":"Rp6,891,250.00"}}]
[9,"Pengemudi",22,12,264,{"v":5615000,"d":"Rp5,615,000.00"},{"v":1482360000,"d":"Rp1,482,360,000.00"},null,null,"Lantai 3",0,3,2,{"$nulls":3},"Pramubakti",{"v":5104000,"d":"Rp5,104,000.00"},{"v":150000,"d":"Rp150,000.00"},{"v":5254000,"d":"Rp5,254,000.00"},{"v":630480,"d":"Rp630,480.00"},{"v":525400,"d":"Rp525,400.00"},{"v":6409880,"d":"Rp6,409,880.00"},{"$f":"5513000*1.25","v":{"v":6891250,"d":"Rp6,891,250.00"}}]
[10,"Teknisi",5,12,60,{"v":5250000,"d":"Rp5,250,000.00"},{"$f":"E14*F14","v":{"v":315000000,"d":"Rp315,000,000.00"}},null,null,"Lantai 4",0,2,2,{"$nulls":3},"Koord. Satpam",{"v":6215000,"d":"Rp6,215,000.00"},{"v":150000,"d":"Rp150,000.00"},{"v":6365000,"d":"Rp6,365,000.00"},{"v":763800,"d":"Rp763,800.00"},{"v":636500,"d":"Rp636,500.00"},{"v":7765300,"d":"Rp7,765,300.00"},0]
["B","Non Upah",{"$nulls":7},"Lantai 5",0,2,1,{"$nulls":3},"Danru Satpam",{"v":5915000,"d":"Rp5,915,000.00"},{"v":150000,"d":"Rp150,000.00"},{"v":6065000,"d":"Rp6,065,000.00"},{"v":727800,"d":"Rp727,800.00"},{"v":606500,"d":"Rp606,500.00"},{"v":7399300,"d":"Rp7,399,300.00"},{"$f":"6065000*1.25","v":{"v":7581250,"d":"Rp7,581,250.00"}}]
["i","Lembur",{"$nulls":4},{"$f":"SUM(G17:G26)","v":{"v":104887491.32947977,"d":"Rp104,887,491.33"}},null,null,"Lantai 6",0,2,1,{"$nulls":3},"Anggota Satpam",{"v":5615000,"d":"Rp5,615,000.00"},{"v":150000,"d":"Rp150,000.00"},{"v":5765000,"d":"Rp5,765,000.00"},{"v":691800,"d":"Rp691,800.00"},{"v":576500,"d":"Rp576,500.00"},{"v":7033300,"d":"Rp7,033,300.00"},{"$f":"6065000*1.25","v":{"v":7581250,"d":"Rp7,581,250.00"}}]
[1,"Resepsionis",0,0,{"$f":"C17*D17","v":0},{"$f":"F5/173*2*8","v":{"v":485549.1329479769,"d":"Rp485,549.13"}},{"$f":"E17*F17","v":0},null,null,"Wisma Mandiri",0,0,2,{"$nulls":3},"Pengemudi",{"v":5615000,"d":"Rp5,615,000.00"},{"v":150000,"d":"Rp150,000.00"},{"v":5765000,"d":"Rp5,765,000.00"},{"v":691800,"d":"Rp691,800.00"},{"v":576500,"d":"Rp576,500.00"},{"v":7033300,"d":"Rp7,033,300.00"},{"$f":"6065000*1.25","v":{"v":7581250,"d":"Rp7,581,250.00"}}]
[2,"Supervisor",2,6,12,{"$f":"F6/173*2*8","v":{"v":531791.9075144508,"d":"Rp531,791.91"}},{"v":6381502.89017341,"d":"Rp6,381,502.89"},null,null,"TOTAL",{"$f":"SUM(K9:K17)","v":4},{"$f":"SUM(L9:L17)","v":18},{"$f":"SUM(M9:M17)","v":10},{"$nulls":3},"Teknisi",0,0,{"v":5400000,"d":"Rp5,400,000.00"},{"v":648000,"d":"Rp648,000.00"},{"v":540000,"d":"Rp540,000.00"},{"v":6588000,"d":"Rp6,588,000.00"},0]
[3,"Petugas Taman",4,6,24,{"v":472046.24277456646,"d":"Rp472,046.24"},{"v":11329109.826589596,"d":"Rp11,329,109.83"}]
[4,"Petugas Kebersihan",10,6,60,{"v":472046.24277456646,"d":"Rp472,046.24"},{"v":28322774.566473987,"d":"Rp28,322,774.57"},null,"Pembagian Tugas Satpam",{"$nulls":8},{"v":5615000,"d":"Rp5,615,000.00"},{"v":5750000,"d":"Rp5,750,000.00"},{"$f":"S20-R20","v":{"v":135000,"d":"Rp135,000.00"}}]
[5,"Pramubakti",0,0,0,{"v":472046.24277456646,"d":"Rp472,046.24"},0,null,null,"Tugas","Jumlah","Keterangan",{"$nulls":5},{"v":5915000,"d":"Rp5,915,000.00"},{"v":6050000,"d":"Rp6,050,000.00"},{"$f":"S21-R21","v":{"v":135000,"d":"Rp135,000.00"}}]
[6,"Koord. Satpam",1,0,0,{"v":574797.6878612717,"d":"Rp574,797.69"},0,null,null,"Komandan Regu",4,"Dibagi menjadi 4 regu",{"$nulls":5},{"v":6215000,"d":"Rp6,215,000.00"},{"v":6350000,"d":"Rp6,350,000.00"},{"$f":"S22-R22","v":{"v":135000,"d":"Rp135,000.00"}}]
[7,"Danru Satpam",4,6,24,{"v":547052.0231213872,"d":"Rp547,052.02"},{"v":13129248.554913294,"d":"Rp13,129,248.55"},null,null,"Anggota Regu",{"$f":"4*4","v":16},"4 orang per regu"]
[8,"Anggota Satpam",5,6,30,{"v":519306.3583815029,"d":"Rp519,306.36"},{"v":15579190.751445087,"d":"Rp15,579,190.75"},null,null,"Anggota non-Regu",7,"dirolling bergantian setiap bulan antara regu dan non regu",{"$nulls":5},{"v":5000000,"d":"Rp5,000,000.00"},{"$f":"R24/173","v":{"v":28901.73410404624,"d":"Rp28,901.73"}},"jam 1",{"$f":"S24*1*1.5","v":{"v":43352.60115606936,"d":"Rp43,352.60"}}]
[9,"Pengemudi",5,6,30,{"v":519306.3583815029,"d":"Rp519,306.36"},{"v":15579190.751445087,"d":"Rp15,579,190.75"},null,null,"TOTAL",{"$f":"SUM(K22:K24)","v":27},{"$nulls":8},"jam 2-4",{"$f":"3*2*S24","v":{"v":173410.40462427743,"d":"Rp173,410.40"}}]
[10,"Teknisi",5,6,30,{"v":485549.1329479769,"d":"Rp485,549.13"},{"v":14566473.988439307,"d":"Rp14,566,473.99"},{"$nulls":12},"lembur 4 jam hari kerja",{"$f":"SUM(U24:U25)","v":{"v":216763.0057803468,"d":"Rp216,763.01"}}]
["ii","BPJS Kesehatan ditanggung pemberi kerja 4%",{"$nulls":4},{"$f":"SUM(G28:G37)","v":{"v":240020640,"d":"Rp240,020,640.00"}},null,"Pembagian Tugas Driver"]
[1,"Resepsionis",{"$f":"C5","v":2},12,{"$f":"C28*D28","v":24},{"$f":"4%*F5","v":{"v":210000,"d":"Rp210,000.00"}},{"$f":"E28*F28","v":{"v":5040000,"d":"Rp5,040,000.00"}},null,null,"Tugas","Jumlah","Keterangan",{"$nulls":7},"lembur 6 jam hari libur",{"$f":"S24*2*6","v":{"v":346820.80924855487,"d":"Rp346,820.81"}}]
[2,"Supervisor",{"$f":"C6","v":2},12,24,{"$f":"4%*F6","v":{"v":230000,"d":"Rp230,000.00"}},{"v":5520000,"d":"Rp5,520,000.00"},null,null,"Eselon I dan Kepala",5]
[3,"Petugas Taman",4,12,48,{"v":204160,"d":"Rp204,160.00"},{"v":9799680,"d":"Rp9,799,680.00"},null,null,"Eselon II",15,"belum menghitung 2 Tenaga Ahli"]
[4,"Petugas Kebersihan",18,12,216,{"v":204160,"d":"Rp204,160.00"},{"v":44098560,"d":"Rp44,098,560.00"},null,null,"Antar Jemput+Operasional",5]
[5,"Pramubakti",10,12,120,{"v":204160,"d":"Rp204,160.00"},{"v":24499200,"d":"Rp24,499,200.00"},null,null,"TOTAL",{"$f":"SUM(K29:K31)","v":25}]
[6,"Koord. Satpam",1,12,12,{"v":248600,"d":"Rp248,600.00"},{"v":2983200,"d":"Rp2,983,200.00"}]
[7,"Danru Satpam",5,12,60,{"v":236600,"d":"Rp236,600.00"},{"v":14196000,"d":"Rp14,196,000.00"},null,"Pembagian Tugas Teknisi"]
[8,"Anggota Satpam",23,12,276,{"v":224600,"d":"Rp224,600.00"},{"v":61989600,"d":"Rp61,989,600.00"},null,null,"Tugas","Jumlah","Keterangan"]
[9,"Pengemudi",22,12,264,{"v":224600,"d":"Rp224,600.00"},{"v":59294400,"d":"Rp59,294,400.00"},null,null,"M/E",8,"...."]
[10,"Teknisi",5,12,60,{"v":210000,"d":"Rp210,000.00"},{"v":12600000,"d":"Rp12,600,000.00"},null,null,"Sipil",4,"...."]
["iii","BPJS Ketenagakerjaan ditanggung pemberi kerja 4,24%",{"$nulls":4},{"$f":"SUM(G39:G48)","v":{"v":254421878.4,"d":"Rp254,421,878.40"}},null,null,"TOTAL",{"$f":"SUM(K36:K37)","v":12}]
[1,"Resepsionis",{"$f":"C5","v":2},12,{"$f":"C39*D39","v":24},{"$f":"4.24%*F5","v":{"v":222600,"d":"Rp222,600.00"}},{"$f":"E39*F39","v":{"v":5342400,"d":"Rp5,342,400.00"}}]
[2,"Supervisor",{"$f":"C6","v":2},12,24,{"$f":"4.24%*F6","v":{"v":243800,"d":"Rp243,800.00"}},{"v":5851200,"d":"Rp5,851,200.00"},null,null,"Driver","Jumlah"]
[3,"Petugas Taman",4,12,48,{"v":216409.6,"d":"Rp216,409.60"},{"v":10387660.8,"d":"Rp10,387,660.80"},null,null,"KEPALA"]
[4,"Petugas Kebersihan",18,12,216,{"v":216409.6,"d":"Rp216,409.60"},{"v":46744473.6,"d":"Rp46,744,473.60"},null,null,"SETIA",1]
[5,"Pramubakti",10,12,120,{"v":216409.6,"d":"Rp216,409.60"},{"v":25969152,"d":"Rp25,969,152.00"},null,null,"ASA"]
[6,"Koord. Satpam",1,12,12,{"v":263516,"d":"Rp263,516.00"},{"v":3162192,"d":"Rp3,162,192.00"},null,null,"TEGAS",1]
[7,"Danru Satpam",5,12,60,{"v":250796,"d":"Rp250,796.00"},{"v":15047760,"d":"Rp15,047,760.00"},null,null,"PENGASUH",1]
[8,"Anggota Satpam",23,12,276,{"v":238076,"d":"Rp238,076.00"},{"v":65708976,"d":"Rp65,708,976.00"},null,null,"BIRU",1]
[9,"Pengemudi",22,12,264,{"v":238076,"d":"Rp238,076.00"},{"v":62852064,"d":"Rp62,852,064.00"},null,null,"BERMAKNA"]
[10,"Teknisi",5,12,60,{"v":222600,"d":"Rp222,600.00"},{"v":13356000,"d":"Rp13,356,000.00"},null,null,"BINCANG"]
["iv","Tunjangan Hari Raya",{"$nulls":4},{"$f":"SUM(G50:G59)","v":{"v":500043000,"d":"Rp500,043,000.00"}},null,null,"SIASAT",1]
[1,"Resepsionis",{"$f":"C5","v":2},1,{"$f":"C50*D50","v":2},{"$f":"F5","v":{"v":5250000,"d":"Rp5,250,000.00"}},{"$f":"E50*F50","v":{"v":10500000,"d":"Rp10,500,000.00"}},null,null,"SIDIK",1]
[2,"Supervisor",{"$f":"C6","v":2},1,2,{"$f":"F6","v":{"v":5750000,"d":"Rp5,750,000.00"}},{"v":11500000,"d":"Rp11,500,000.00"},null,null,"SIAGA"]
[3,"Petugas Taman",4,1,4,{"v":5104000,"d":"Rp5,104,000.00"},{"v":20416000,"d":"Rp20,416,000.00"},null,null,"REKAN"]
[4,"Petugas Kebersihan",18,1,18,{"v":5104000,"d":"Rp5,104,000.00"},{"v":91872000,"d":"Rp91,872,000.00"},null,null,"PENJAGA",1]
[5,"Pramubakti",10,1,10,{"v":5104000,"d":"Rp5,104,000.00"},{"v":51040000,"d":"Rp51,040,000.00"},null,null,"PATUH",1]
[6,"Koord. Satpam",1,1,1,{"v":6215000,"d":"Rp6,215,000.00"},{"v":6215000,"d":"Rp6,215,000.00"},null,null,"SALAM"]
[7,"Danru Satpam",5,1,5,{"v":5915000,"d":"Rp5,915,000.00"},{"v":29575000,"d":"Rp29,575,000.00"},null,null,"SERASI",1]
[8,"Anggota Satpam",23,1,23,{"v":5615000,"d":"Rp5,615,000.00"},{"v":129145000,"d":"Rp129,145,000.00"},null,null,"KREASI",1]
[9,"Pengemudi",22,1,22,{"v":5615000,"d":"Rp5,615,000.00"},{"v":123530000,"d":"Rp123,530,000.00"},null,null,"PEKA"]
[10,"Teknisi",5,1,5,{"v":5250000,"d":"Rp5,250,000.00"},{"v":26250000,"d":"Rp26,250,000.00"},null,null,"LOGIS"]
["v","Kompensasi PKWT",{"$nulls":4},{"$f":"SUM(G61:G70)","v":{"v":500043000,"d":"Rp500,043,000.00"}},null,null,"BERMITRA",1]
[1,"Resepsionis",{"$f":"C5","v":2},1,{"$f":"C61*D61","v":2},{"$f":"F5","v":{"v":5250000,"d":"Rp5,250,000.00"}},{"$f":"E61*F61","v":{"v":10500000,"d":"Rp10,500,000.00"}},null,null,"TA AHLI",1]
[2,"Supervisor",{"$f":"C6","v":2},1,2,{"$f":"F6","v":{"v":5750000,"d":"Rp5,750,000.00"}},{"v":11500000,"d":"Rp11,500,000.00"},null,null,"OPERASIONAL",10]
[3,"Petugas Taman",4,1,4,{"v":5104000,"d":"Rp5,104,000.00"},{"v":20416000,"d":"Rp20,416,000.00"},null,null,"Jumlah",{"$f":"SUM(K42:K62)","v":22}]
[4,"Petugas Kebersihan",18,1,18,{"v":5104000,"d":"Rp5,104,000.00"},{"v":91872000,"d":"Rp91,872,000.00"}]
[5,"Pramubakti",10,1,10,{"v":5104000,"d":"Rp5,104,000.00"},{"v":51040000,"d":"Rp51,040,000.00"}]
[6,"Koord. Satpam",1,1,1,{"v":6215000,"d":"Rp6,215,000.00"},{"v":6215000,"d":"Rp6,215,000.00"}]
[7,"Danru Satpam",5,1,5,{"v":5915000,"d":"Rp5,915,000.00"},{"v":29575000,"d":"Rp29,575,000.00"}]
[8,"Anggota Satpam",23,1,23,{"v":5615000,"d":"Rp5,615,000.00"},{"v":129145000,"d":"Rp129,145,000.00"}]
[9,"Pengemudi",22,1,22,{"v":5615000,"d":"Rp5,615,000.00"},{"v":123530000,"d":"Rp123,530,000.00"}]
[10,"Teknisi",5,1,5,{"v":5250000,"d":"Rp5,250,000.00"},{"v":26250000,"d":"Rp26,250,000.00"}]
["C","Operasional",{"$nulls":4},{"$f":"SUM(G72:G79)","v":{"v":205668000,"d":"Rp205,668,000.00"}}]
[1,"Seragam",{"$f":"SUM(C5,C6,C7,C8,C9,C13)","v":58},2,{"$f":"C72*D72","v":116},{"v":738000,"d":"Rp738,000.00"},{"$f":"E72*F72","v":{"v":85608000,"d":"Rp85,608,000.00"}}]
[2,"Seragam Satpam dan Teknisi",{"$f":"SUM(C10,C11,C12,C14)","v":34},2,68,{"v":1200000,"d":"Rp1,200,000.00"},{"v":81600000,"d":"Rp81,600,000.00"}]
[3,"Double Bucket",8,12,{"$f":"C74*D74","v":96},{"v":110000,"d":"Rp110,000.00"},{"$f":"E74*F74","v":{"v":10560000,"d":"Rp10,560,000.00"}}]
[4,"Vacuum Wet ad Dry",2,12,24,{"v":215000,"d":"Rp215,000.00"},{"v":5160000,"d":"Rp5,160,000.00"}]
[5,"Carpet Extractor",1,12,12,{"v":215000,"d":"Rp215,000.00"},{"v":2580000,"d":"Rp2,580,000.00"}]
[6,"Blower Karpet",2,12,24,{"v":215000,"d":"Rp215,000.00"},{"v":5160000,"d":"Rp5,160,000.00"}]
[7,"Mesin Scrubber",2,12,24,{"v":550000,"d":"Rp550,000.00"},{"v":13200000,"d":"Rp13,200,000.00"}]
[8,"Vacuum Dry Cleaner",1,12,12,{"v":150000,"d":"Rp150,000.00"},{"v":1800000,"d":"Rp1,800,000.00"}]
["C","MANAGEMENT FEE",{"$nulls":3},{"$f":"G80","v":{"v":759993200.9729481,"d":"Rp759,993,200.97"}},{"$f":"10%*SUM(G4,G16,G27,G38,G49,G60)","v":{"v":759993200.9729481,"d":"Rp759,993,200.97"}}]
[{"$nulls":5},"SUBTOTAL",{"$f":"SUM(G4,G16,G27,G38,G49,G60,G71,G80)","v":{"v":8565593210.702428,"d":"Rp8,565,593,210.70"}}]
[{"$nulls":5},"PPN 12%",{"$f":"G81*12%","v":{"v":1027871185.2842913,"d":"Rp1,027,871,185.28"}}]
[{"$nulls":5},"TOTAL",{"$f":"G81+G82","v":{"v":9593464395.98672,"d":"Rp9,593,464,395.99"}}]
[{"$nulls":5},"Termin per Bulan",{"$f":"G83/12","v":{"v":799455366.3322266,"d":"Rp799,455,366.33"}}]
{"$rows_empty":17}
[{"$nulls":9},{"$f":"#REF!/12","v":{"$error":"#REF!"}}]

{"sheet":"Rekap","index":2,"n_rows":42,"n_cols":6,"rows_kept":42,"merged":[[30,0,31,0]]}
[]
["No.","URAIAN BIAYA","JENIS BIAYA","SUBTOTAL HARGA","PPN","TOTAL HARGA"]
["A","PERSONIL"]
[1,"Resepsionis","Lumsum",{"$f":"ROUND(Personil!N6,0)","v":{"v":166375680,"d":"Rp166,375,680.00"}},{"$f":"11%*D4","v":{"v":18301324.8,"d":"Rp18,301,324.80"}},{"$f":"D4+E4","v":{"v":184677004.8,"d":"Rp184,677,004.80"}}]
[2,"Supervisor","Lumsum",{"$f":"ROUND(Personil!N7,0)","v":{"v":91228800,"d":"Rp91,228,800.00"}},{"$f":"11%*D5","v":{"v":10035168,"d":"Rp10,035,168.00"}},{"$f":"D5+E5","v":{"v":101263968,"d":"Rp101,263,968.00"}}]
[3,"Petugas Taman","Lumsum",{"$f":"ROUND(Personil!N8,0)","v":{"v":328942080,"d":"Rp328,942,080.00"}},{"v":36183628.8,"d":"Rp36,183,628.80"},{"v":365125708.8,"d":"Rp365,125,708.80"}]
[4,"Petugas Kebersihan","Lumsum",{"$f":"ROUND(Personil!N9,0)","v":{"v":1233532800,"d":"Rp1,233,532,800.00"}},{"v":135688608,"d":"Rp135,688,608.00"},{"v":1369221408,"d":"Rp1,369,221,408.00"}]
[5,"Petugas Climbing","Lumsum",{"$f":"ROUND(Personil!N10,0)","v":{"v":169833480,"d":"Rp169,833,480.00"}},{"v":18681682.8,"d":"Rp18,681,682.80"},{"v":188515162.8,"d":"Rp188,515,162.80"}]
[6,"Pramubakti","Lumsum",{"$f":"ROUND(Personil!N11,0)","v":{"v":904590720,"d":"Rp904,590,720.00"}},{"v":99504979.2,"d":"Rp99,504,979.20"},{"v":1004095699.2,"d":"Rp1,004,095,699.20"}]
[7,"Chief Security","Lumsum",{"$f":"ROUND(Personil!N12,0)","v":{"v":98723200,"d":"Rp98,723,200.00"}},{"v":10859552,"d":"Rp10,859,552.00"},{"v":109582752,"d":"Rp109,582,752.00"}]
[8,"Danru Satpam","Lumsum",{"$f":"ROUND(Personil!N13,0)","v":{"v":376906240,"d":"Rp376,906,240.00"}},{"v":41459686.4,"d":"Rp41,459,686.40"},{"v":418365926.4,"d":"Rp418,365,926.40"}]
[9,"Anggota Satpam","Lumsum",{"$f":"ROUND(Personil!N14,0)","v":{"v":1794598400,"d":"Rp1,794,598,400.00"}},{"v":197405824,"d":"Rp197,405,824.00"},{"v":1992004224,"d":"Rp1,992,004,224.00"}]
[10,"Pengemudi","Lumsum",{"$f":"ROUND(Personil!N15,0)","v":{"v":1974058240,"d":"Rp1,974,058,240.00"}},{"v":217146406.4,"d":"Rp217,146,406.40"},{"v":2191204646.4,"d":"Rp2,191,204,646.40"}]
[11,"Teknisi Mekanikal Elekrtikal","Lumsum",{"$f":"ROUND(Personil!N16,0)","v":{"v":760354560,"d":"Rp760,354,560.00"}},{"v":83639001.6,"d":"Rp83,639,001.60"},{"v":843993561.6,"d":"Rp843,993,561.60"}]
[12,"Teknisi Sipil","Lumsum",{"$f":"ROUND(Personil!N17,0)","v":{"v":168967680,"d":"Rp168,967,680.00"}},{"$f":"11%*D15","v":{"v":18586444.8,"d":"Rp18,586,444.80"}},{"v":187554124.8,"d":"Rp187,554,124.80"}]
[null,null,"subtotal",{"$f":"SUM(D4:D15)","v":{"v":8068111880,"d":"Rp8,068,111,880.00"}},{"$f":"SUM(E4:E15)","v":{"v":887492306.8,"d":"Rp887,492,306.80"}},{"v":8955604186.8,"d":"Rp8,955,604,186.80"}]
["B","PERLENGKAPAN KERJA"]
[1,"Resepsionis","Lumsum",{"$f":"ROUND('Perlengkapan Kerja'!G4,0)","v":{"v":850000,"d":"Rp850,000.00"}},{"$f":"11%*D18","v":{"v":93500,"d":"Rp93,500.00"}},{"$f":"D18+E18","v":{"v":943500,"d":"Rp943,500.00"}}]
[2,"Supervisor","Lumsum",{"$f":"ROUND('Perlengkapan Kerja'!G5,0)","v":{"v":575000,"d":"Rp575,000.00"}},{"$f":"11%*D19","v":{"v":63250,"d":"Rp63,250.00"}},{"$f":"D19+E19","v":{"v":638250,"d":"Rp638,250.00"}}]
[3,"Petugas Taman","Lumsum",{"$f":"ROUND('Perlengkapan Kerja'!G6,0)","v":{"v":1700000,"d":"Rp1,700,000.00"}},{"v":187000,"d":"Rp187,000.00"},{"v":1887000,"d":"Rp1,887,000.00"}]
[4,"Petugas Kebersihan","Lumsum",{"$f":"ROUND('Perlengkapan Kerja'!G7,0)","v":{"v":6375000,"d":"Rp6,375,000.00"}},{"v":701250,"d":"Rp701,250.00"},{"v":7076250,"d":"Rp7,076,250.00"}]
[5,"Petugas Climbing","Lumsum",{"$f":"ROUND('Perlengkapan Kerja'!G8,0)","v":{"v":1150000,"d":"Rp1,150,000.00"}},{"v":126500,"d":"Rp126,500.00"},{"v":1276500,"d":"Rp1,276,500.00"}]
[6,"Pramubakti","Lumsum",{"$f":"ROUND('Perlengkapan Kerja'!G9,0)","v":{"v":4675000,"d":"Rp4,675,000.00"}},{"v":514250,"d":"Rp514,250.00"},{"v":5189250,"d":"Rp5,189,250.00"}]
[7,"Chief Security","Lumsum",{"$f":"ROUND('Perlengkapan Kerja'!G10,0)","v":{"v":775000,"d":"Rp775,000.00"}},{"v":85250,"d":"Rp85,250.00"},{"v":860250,"d":"Rp860,250.00"}]
[8,"Danru Satpam","Lumsum",{"$f":"ROUND('Perlengkapan Kerja'!G11,0)","v":{"v":2300000,"d":"Rp2,300,000.00"}},{"v":253000,"d":"Rp253,000.00"},{"v":2553000,"d":"Rp2,553,000.00"}]
[9,"Anggota Satpam","Lumsum",{"$f":"ROUND('Perlengkapan Kerja'!G12,0)","v":{"v":8500000,"d":"Rp8,500,000.00"}},{"v":935000,"d":"Rp935,000.00"},{"v":9435000,"d":"Rp9,435,000.00"}]
[10,"Pengemudi","Lumsum",{"$f":"ROUND('Perlengkapan Kerja'!G13,0)","v":{"v":11550000,"d":"Rp11,550,000.00"}},{"v":1270500,"d":"Rp1,270,500.00"},{"v":12820500,"d":"Rp12,820,500.00"}]
[11,"Teknisi Mekanikal Elekrtikal","Lumsum",{"$f":"ROUND('Perlengkapan Kerja'!G14,0)","v":{"v":4725000,"d":"Rp4,725,000.00"}},{"v":519750,"d":"Rp519,750.00"},{"v":5244750,"d":"Rp5,244,750.00"}]
[12,"Teknisi Sipil","Lumsum",{"$f":"ROUND('Perlengkapan Kerja'!G15,0)","v":{"v":1050000,"d":"Rp1,050,000.00"}},{"v":115500,"d":"Rp115,500.00"},{"v":1165500,"d":"Rp1,165,500.00"}]
[null,null,"subtotal",{"$f":"SUM(D18:D29)","v":{"v":44225000,"d":"Rp44,225,000.00"}},{"$f":"SUM(E18:E29)","v":{"v":4864750,"d":"Rp4,864,750.00"}},{"$f":"SUM(F18:F29)","v":{"v":49089750,"d":"Rp49,089,750.00"}}]
["B","PERLENGKAPAN, BAHAN, DAN"]
[null,"SEWA ALAT KEBERSIHAN"]
[1,"Perlengkapan","Satuan",{"$f":"ROUND(Kebersihan!I42,0)","v":{"v":27453000,"d":"Rp27,453,000.00"}},{"$f":"11%*D33","v":{"v":3019830,"d":"Rp3,019,830.00"}},{"$f":"D33+E33","v":{"v":30472830,"d":"Rp30,472,830.00"}}]
[2,"Bahan","Satuan",{"$f":"ROUND(Kebersihan!I72,0)","v":{"v":142326000,"d":"Rp142,326,000.00"}},{"v":15655860,"d":"Rp15,655,860.00"},{"v":157981860,"d":"Rp157,981,860.00"}]
[3,"Sewa Alat","Satuan",{"$f":"ROUND(Kebersihan!I82,0)","v":{"v":15899120,"d":"Rp15,899,120.00"}},{"v":1748903.2,"d":"Rp1,748,903.20"},{"v":17648023.2,"d":"Rp17,648,023.20"}]
[null,null,"subtotal",{"$f":"SUM(D33:D35)","v":{"v":185678120,"d":"Rp185,678,120.00"}},{"$f":"SUM(E33:E35)","v":{"v":20424593.2,"d":"Rp20,424,593.20"}},{"v":206102713.2,"d":"Rp206,102,713.20"}]
["C","MANAGEMENT FEE","Lumsum",{"v":100000000,"d":"Rp100,000,000.00"},{"$f":"11%*D37","v":{"v":11000000,"d":"Rp11,000,000.00"}},{"v":111000000,"d":"Rp111,000,000.00"}]
[null,null,"TOTAL BIAYA PEKERJAAN",{"$f":"D16+D30+D36+D37","v":{"v":8398015000,"d":"Rp8,398,015,000.00"}}]
[null,null,"PPN 11%",{"$f":"D38*11%","v":{"v":923781650,"d":"Rp923,781,650.00"}}]
[null,null,"JUMLAH BIAYA TOTAL PER BULAN",{"$f":"D38+D39","v":{"v":9321796650,"d":"Rp9,321,796,650.00"}},null,{"$f":"F16+F36+F37","v":{"v":9272706900,"d":"Rp9,272,706,900.00"}}]
[]
[{"$nulls":3},": masukkan penawaran pada cell berwarna hijau"]

{"sheet":"Personil","index":3,"n_rows":18,"n_cols":14,"rows_kept":18,"merged":[[2,0,3,0],[2,1,3,1],[2,2,3,2],[2,3,3,3],[2,4,3,4],[2,5,2,10],[2,11,3,11],[2,12,3,12],[2,13,3,13]]}
[]
[]
["NO","URAIAN","Vol","Sat","Gaji Pokok dan Tunjangan","Tunjangan Lain",{"$nulls":5},"Harga Satuan Personil","Harga Sebulan","Harga Setahun"]
[{"$nulls":5},"Hari Keagamaan","Kompensasi PKWT","Lembur","BPJS Kesehatan","BPJS TK","Total"]
["I","PERSONIL"]
[1,"Resepsionis",2,"Org",{"v":5550000,"d":"5,550,000.00"},{"$f":"E6/12","v":{"v":462500,"d":"462,500.00"}},{"$f":"E6/12","v":{"v":462500,"d":"462,500.00"}},0,{"$f":"4%*E6","v":{"v":222000,"d":"222,000.00"}},{"$f":"4.24%*E6","v":{"v":235320,"d":"235,320.00"}},{"$f":"SUM(F6:J6)","v":{"v":1382320,"d":"1,382,320.00"}},{"$f":"E6+K6","v":{"v":6932320,"d":"6,932,320.00"}},{"$f":"C6*L6","v":{"v":13864640,"d":"13,864,640.00"}},{"$f":"M6*12","v":{"v":166375680,"d":"166,375,680.00"}}]
[2,"Supervisor",1,"Org",{"v":6000000,"d":"6,000,000.00"},{"$f":"E7/12","v":{"v":500000,"d":"500,000.00"}},{"$f":"E7/12","v":{"v":500000,"d":"500,000.00"}},{"$f":"(26000*3)+30000","v":{"v":108000,"d":"108,000.00"}},{"$f":"4%*E7","v":{"v":240000,"d":"240,000.00"}},{"$f":"4.24%*E7","v":{"v":254400,"d":"254,400.00"}},{"$f":"SUM(F7:J7)","v":{"v":1602400,"d":"1,602,400.00"}},{"$f":"E7+K7","v":{"v":7602400,"d":"7,602,400.00"}},{"v":7602400,"d":"7,602,400.00"},{"$f":"M7*12","v":{"v":91228800,"d":"91,228,800.00"}}]
[3,"Petugas Taman",4,"Org",{"v":5400000,"d":"5,400,000.00"},{"v":450000,"d":"450,000.00"},{"v":450000,"d":"450,000.00"},{"$f":"(26000*3)+30000","v":{"v":108000,"d":"108,000.00"}},{"v":216000,"d":"216,000.00"},{"v":228960,"d":"228,960.00"},{"v":1452960,"d":"1,452,960.00"},{"v":6852960,"d":"6,852,960.00"},{"v":27411840,"d":"27,411,840.00"},{"v":328942080,"d":"328,942,080.00"}]
[4,"Petugas Kebersihan",15,"Org",{"v":5400000,"d":"5,400,000.00"},{"v":450000,"d":"450,000.00"},{"v":450000,"d":"450,000.00"},{"v":108000,"d":"108,000.00"},{"v":216000,"d":"216,000.00"},{"v":228960,"d":"228,960.00"},{"$f":"SUM(F9:J9)","v":{"v":1452960,"d":"1,452,960.00"}},{"v":6852960,"d":"6,852,960.00"},{"v":102794400,"d":"102,794,400.00"},{"$f":"M9*12","v":{"v":1233532800,"d":"1,233,532,800.00"}}]
[5,"Petugas Climbing",2,"Org",{"v":5550000,"d":"5,550,000.00"},{"v":462500,"d":"462,500.00"},{"$f":"E10/12","v":{"v":462500,"d":"462,500.00"}},{"v":108000,"d":"108,000.00"},{"$f":"4%*E10","v":{"v":222000,"d":"222,000.00"}},{"$f":"4.89%*E10","v":{"v":271395,"d":"271,395.00"}},{"$f":"SUM(F10:J10)","v":{"v":1526395,"d":"1,526,395.00"}},{"v":7076395,"d":"7,076,395.00"},{"v":14152790,"d":"14,152,790.00"},{"v":169833480,"d":"169,833,480.00"}]
[6,"Pramubakti",11,"Org",{"v":5400000,"d":"5,400,000.00"},{"v":450000,"d":"450,000.00"},{"v":450000,"d":"450,000.00"},{"v":108000,"d":"108,000.00"},{"v":216000,"d":"216,000.00"},{"v":228960,"d":"228,960.00"},{"v":1452960,"d":"1,452,960.00"},{"v":6852960,"d":"6,852,960.00"},{"v":75382560,"d":"75,382,560.00"},{"v":904590720,"d":"904,590,720.00"}]
[7,"Chief Security",1,"Org",{"v":6500000,"d":"6,500,000.00"},{"v":541666.6666666666,"d":"541,666.67"},{"v":541666.6666666666,"d":"541,666.67"},{"v":108000,"d":"108,000.00"},{"v":260000,"d":"260,000.00"},{"v":275600,"d":"275,600.00"},{"v":1726933.3333333333,"d":"1,726,933.33"},{"v":8226933.333333333,"d":"8,226,933.33"},{"v":8226933.333333333,"d":"8,226,933.33"},{"v":98723200,"d":"98,723,200.00"}]
[8,"Danru Satpam",4,"Org",{"v":6200000,"d":"6,200,000.00"},{"v":516666.6666666667,"d":"516,666.67"},{"v":516666.6666666667,"d":"516,666.67"},{"v":108000,"d":"108,000.00"},{"v":248000,"d":"248,000.00"},{"v":262880,"d":"262,880.00"},{"v":1652213.3333333335,"d":"1,652,213.33"},{"v":7852213.333333334,"d":"7,852,213.33"},{"v":31408853.333333336,"d":"31,408,853.33"},{"v":376906240,"d":"376,906,240.00"}]
[9,"Anggota Satpam",20,"Org",{"v":5900000,"d":"5,900,000.00"},{"v":491666.6666666667,"d":"491,666.67"},{"v":491666.6666666667,"d":"491,666.67"},{"v":108000,"d":"108,000.00"},{"v":236000,"d":"236,000.00"},{"v":250160,"d":"250,160.00"},{"v":1577493.3333333335,"d":"1,577,493.33"},{"v":7477493.333333334,"d":"7,477,493.33"},{"v":149549866.6666667,"d":"149,549,866.67"},{"v":1794598400.0000002,"d":"1,794,598,400.00"}]
[10,"Pengemudi",22,"Org",{"v":5900000,"d":"5,900,000.00"},{"v":491666.6666666667,"d":"491,666.67"},{"v":491666.6666666667,"d":"491,666.67"},{"v":108000,"d":"108,000.00"},{"v":236000,"d":"236,000.00"},{"v":250160,"d":"250,160.00"},{"v":1577493.3333333335,"d":"1,577,493.33"},{"v":7477493.333333334,"d":"7,477,493.33"},{"v":164504853.33333334,"d":"164,504,853.33"},{"v":1974058240,"d":"1,974,058,240.00"}]
[11,"Teknisi Mekanikal Elekrtikal",9,"Org",{"v":5550000,"d":"5,550,000.00"},{"v":462500,"d":"462,500.00"},{"v":462500,"d":"462,500.00"},{"v":108000,"d":"108,000.00"},{"v":222000,"d":"222,000.00"},{"v":235320,"d":"235,320.00"},{"v":1490320,"d":"1,490,320.00"},{"v":7040320,"d":"7,040,320.00"},{"v":63362880,"d":"63,362,880.00"},{"v":760354560,"d":"760,354,560.00"}]
[12,"Teknisi Sipil",2,"Org",{"v":5550000,"d":"5,550,000.00"},{"v":462500,"d":"462,500.00"},{"v":462500,"d":"462,500.00"},{"v":108000,"d":"108,000.00"},{"v":222000,"d":"222,000.00"},{"v":235320,"d":"235,320.00"},{"v":1490320,"d":"1,490,320.00"},{"v":7040320,"d":"7,040,320.00"},{"v":14080640,"d":"14,080,640.00"},{"v":168967680,"d":"168,967,680.00"}]
[null,"Sub Total",{"$f":"SUM(C6:C17)","v":93},"Org",{"$nulls":8},{"$f":"SUM(M6:M17)","v":{"v":672342656.6666667,"d":"672,342,656.67"}},{"$f":"SUM(N6:N17)","v":{"v":8068111880,"d":"8,068,111,880.00"}}]

{"sheet":"Perlengkapan Kerja","index":4,"n_rows":22,"n_cols":7,"rows_kept":22,"merged":[[1,0,2,0],[1,1,2,1],[1,2,2,2],[1,3,2,3],[1,4,2,4],[1,5,2,5],[1,6,2,6]]}
[]
["NO","Jabatan","Jumlah Personil","Seragam (Atasan + Bawahan) (2 stel)","Sepatu \n(1 pasang)","ID Card/Tanda Pengenal (1 Pcs)","Jumlah"]
[]
[1,"Resepsionis",2,{"v":300000,"d":"Rp300,000.00"},{"v":100000,"d":"Rp100,000.00"},{"v":25000,"d":"Rp25,000.00"},{"$f":"SUM(D4:F4)*C4","v":{"v":850000,"d":"Rp850,000.00"}}]
[2,"Supervisor",1,{"v":400000,"d":"Rp400,000.00"},{"v":150000,"d":"Rp150,000.00"},{"v":25000,"d":"Rp25,000.00"},{"$f":"SUM(D5:F5)*C5","v":{"v":575000,"d":"Rp575,000.00"}}]
[3,"Petugas Taman",4,{"v":300000,"d":"Rp300,000.00"},{"v":100000,"d":"Rp100,000.00"},{"v":25000,"d":"Rp25,000.00"},{"v":1700000,"d":"Rp1,700,000.00"}]
[4,"Petugas Kebersihan",15,{"v":300000,"d":"Rp300,000.00"},{"v":100000,"d":"Rp100,000.00"},{"v":25000,"d":"Rp25,000.00"},{"v":6375000,"d":"Rp6,375,000.00"}]
[5,"Petugas Climbing",2,{"v":400000,"d":"Rp400,000.00"},{"v":150000,"d":"Rp150,000.00"},{"v":25000,"d":"Rp25,000.00"},{"v":1150000,"d":"Rp1,150,000.00"}]
[6,"Pramubakti",11,{"v":300000,"d":"Rp300,000.00"},{"v":100000,"d":"Rp100,000.00"},{"v":25000,"d":"Rp25,000.00"},{"v":4675000,"d":"Rp4,675,000.00"}]
[7,"Chief Security*",1,{"v":600000,"d":"Rp600,000.00"},{"v":150000,"d":"Rp150,000.00"},{"v":25000,"d":"Rp25,000.00"},{"v":775000,"d":"Rp775,000.00"}]
[8,"Danru Satpam**",4,{"v":400000,"d":"Rp400,000.00"},{"v":150000,"d":"Rp150,000.00"},{"v":25000,"d":"Rp25,000.00"},{"v":2300000,"d":"Rp2,300,000.00"}]
[9,"Anggota Satpam**",20,{"v":300000,"d":"Rp300,000.00"},{"v":100000,"d":"Rp100,000.00"},{"v":25000,"d":"Rp25,000.00"},{"v":8500000,"d":"Rp8,500,000.00"}]
[10,"Pengemudi",22,{"v":400000,"d":"Rp400,000.00"},{"v":100000,"d":"Rp100,000.00"},{"v":25000,"d":"Rp25,000.00"},{"v":11550000,"d":"Rp11,550,000.00"}]
[11,"Teknisi Mekanikal Elekrtikal",9,{"v":400000,"d":"Rp400,000.00"},{"v":100000,"d":"Rp100,000.00"},{"v":25000,"d":"Rp25,000.00"},{"v":4725000,"d":"Rp4,725,000.00"}]
[12,"Teknisi Sipil",2,{"v":400000,"d":"Rp400,000.00"},{"v":100000,"d":"Rp100,000.00"},{"v":25000,"d":"Rp25,000.00"},{"v":1050000,"d":"Rp1,050,000.00"}]
[{"$nulls":5},"Total",{"$f":"SUM(G4:G15)","v":{"v":44225000,"d":"Rp44,225,000.00"}}]
[{"$nulls":4},": masukkan penawaran pada cell berwarna hijau"]
[]
["*) Seragam Safari untuk Chief (2 baju dan celana, 2 pin nama, 2 pin logo, 1 pasang sepatu pantofel, 2 pasang kaos kaki, dan 2 buah kaos lapangan)"]
[" sesuai Standar Peraturan Polri No. 4 Tahun 2020"]
["**) Seragam PDL untuk Chief (2 baju dan celana, 2 atribut bordir, 1 pasang sepatu PDL, 1 buah kopel, 1 buah ikat pinggang, 1 buah tali kurt, "]
["1 buah peluit, 1 buah topi, 2 kaos lapangan dan 2 pasang kaos kaki) sesuai Standar Peraturan Polri No. 4 Tahun 2020"]

{"sheet":"Kebersihan","index":5,"n_rows":85,"n_cols":9,"rows_kept":85,"merged":[[0,0,1,0],[0,1,1,1],[0,2,1,2],[0,3,0,5],[0,6,1,6],[0,7,1,7],[0,8,1,8],[81,0,81,6],[82,0,82,6]]}
["No","Nama Barang","Satuan","Volume",null,null,"Harga Satuan","Harga Sebulan","Harga Setahun"]
[{"$nulls":3},"Vol 1 ","Vol 2 ","Total Vol"]
["A","Perlengkapan Kebersihan"]
[1,"Pad coklat 17\" (merk 3M)","Buah",1,4,{"$f":"D4*E4","v":4},{"v":60000,"d":"Rp60,000.00"},{"$f":"F4*G4/12","v":{"v":20000,"d":"Rp20,000.00"}},{"$f":"F4*G4","v":{"v":240000,"d":"Rp240,000.00"}}]
[2,"Pad Merah / Putih 17\" (merk 3M)","Buah",5,4,20,{"v":60000,"d":"Rp60,000.00"},{"$f":"F5*G5/12","v":{"v":100000,"d":"Rp100,000.00"}},{"$f":"F5*G5","v":{"v":1200000,"d":"Rp1,200,000.00"}}]
[3,"Kain Lap Kanebo (Kenmaster/3M)","Buah",16,6,96,{"v":15000,"d":"Rp15,000.00"},{"v":120000,"d":"Rp120,000.00"},{"v":1440000,"d":"Rp1,440,000.00"}]
[4,"Kape 2\"","Buah",6,12,72,{"v":2500,"d":"Rp2,500.00"},{"v":15000,"d":"Rp15,000.00"},{"v":180000,"d":"Rp180,000.00"}]
[5,"Kemoceng","Buah",6,2,12,{"v":8000,"d":"Rp8,000.00"},{"v":8000,"d":"Rp8,000.00"},{"v":96000,"d":"Rp96,000.00"}]
[6,"Tapas","Lusin",6,12,72,{"v":9000,"d":"Rp9,000.00"},{"v":54000,"d":"Rp54,000.00"},{"v":648000,"d":"Rp648,000.00"}]
[7,"Kain Lap Microfibre ","Buah",24,12,288,{"v":5000,"d":"Rp5,000.00"},{"v":120000,"d":"Rp120,000.00"},{"v":1440000,"d":"Rp1,440,000.00"}]
[8,"Lap Majun","Kg",3,12,36,{"v":12500,"d":"Rp12,500.00"},{"v":37500,"d":"Rp37,500.00"},{"v":450000,"d":"Rp450,000.00"}]
[9,"Dust mop Acrylic 60 cm complete","Set",7,2,14,{"v":75000,"d":"Rp75,000.00"},{"v":87500,"d":"Rp87,500.00"},{"v":1050000,"d":"Rp1,050,000.00"}]
[10,"Dust mop Acrylic 80 cm complete","Set",8,2,16,{"v":90000,"d":"Rp90,000.00"},{"v":120000,"d":"Rp120,000.00"},{"v":1440000,"d":"Rp1,440,000.00"}]
[11,"Mop Set, tangkai alumunium","Buah",9,2,18,{"v":55000,"d":"Rp55,000.00"},{"v":82500,"d":"Rp82,500.00"},{"v":990000,"d":"Rp990,000.00"}]
[12,"Pad holder 17\"","Buah",1,2,2,{"v":225000,"d":"Rp225,000.00"},{"v":37500,"d":"Rp37,500.00"},{"v":450000,"d":"Rp450,000.00"}]
[14,"Rakbol ","Buah",6,3,18,{"v":60000,"d":"Rp60,000.00"},{"v":90000,"d":"Rp90,000.00"},{"v":1080000,"d":"Rp1,080,000.00"}]
[15,"Sapu Nilon + Pengki Set","Buah",10,3,30,{"v":45000,"d":"Rp45,000.00"},{"v":112500,"d":"Rp112,500.00"},{"v":1350000,"d":"Rp1,350,000.00"}]
[16,"Sarung Tangan Karet Panjang ± 30 cm","Pasang",10,12,120,{"v":10000,"d":"Rp10,000.00"},{"v":100000,"d":"Rp100,000.00"},{"v":1200000,"d":"Rp1,200,000.00"}]
[17,"Scrubbing Brush 17\" (Merek Krisbow/setara)","Buah",1,3,3,{"v":225000,"d":"Rp225,000.00"},{"v":56250,"d":"Rp56,250.00"},{"v":675000,"d":"Rp675,000.00"}]
[18,"Shampooing Brush 17\" (Merek Krisbow/setara)","Buah",1,3,3,{"v":225000,"d":"Rp225,000.00"},{"v":56250,"d":"Rp56,250.00"},{"v":675000,"d":"Rp675,000.00"}]
[19,"Wet Floor Sign (260 x 50 x 640 mm)","Buah",6,1,6,{"v":65000,"d":"Rp65,000.00"},{"v":32500,"d":"Rp32,500.00"},{"v":390000,"d":"Rp390,000.00"}]
[20,"Spon Cuci Piring","Buah",24,12,288,{"v":2000,"d":"Rp2,000.00"},{"v":48000,"d":"Rp48,000.00"},{"v":576000,"d":"Rp576,000.00"}]
[21,"Gayung (1,5 Liter) ","Buah",6,2,12,{"v":5000,"d":"Rp5,000.00"},{"v":5000,"d":"Rp5,000.00"},{"v":60000,"d":"Rp60,000.00"}]
[22,"Sikat Tangan Plastik","Buah",8,3,24,{"v":5000,"d":"Rp5,000.00"},{"v":10000,"d":"Rp10,000.00"},{"v":120000,"d":"Rp120,000.00"}]
[23,"Sikat Tangkai (sikat 22 cm; tangkai 110 cm)","Buah",8,3,24,{"v":10000,"d":"Rp10,000.00"},{"v":20000,"d":"Rp20,000.00"},{"v":240000,"d":"Rp240,000.00"}]
[24,"Sikat WC (Bowl brush)","Buah",12,3,36,{"v":8000,"d":"Rp8,000.00"},{"v":24000,"d":"Rp24,000.00"},{"v":288000,"d":"Rp288,000.00"}]
[25,"Sprayer Tudor 500ml","Buah",2,6,12,{"v":10000,"d":"Rp10,000.00"},{"v":10000,"d":"Rp10,000.00"},{"v":120000,"d":"Rp120,000.00"}]
[26,"Window squeege 45cm","Buah",6,2,12,{"v":35000,"d":"Rp35,000.00"},{"v":35000,"d":"Rp35,000.00"},{"v":420000,"d":"Rp420,000.00"}]
[27,"Refill Windows Squeege 45cm","Buah",6,6,36,{"v":20000,"d":"Rp20,000.00"},{"v":60000,"d":"Rp60,000.00"},{"v":720000,"d":"Rp720,000.00"}]
[28,"Weeper lantai 100 cm","Buah",2,2,4,{"v":60000,"d":"Rp60,000.00"},{"v":20000,"d":"Rp20,000.00"},{"v":240000,"d":"Rp240,000.00"}]
[29,"Weeper Toilet 45 cm","Buah",12,2,24,{"v":20000,"d":"Rp20,000.00"},{"v":40000,"d":"Rp40,000.00"},{"v":480000,"d":"Rp480,000.00"}]
[30,"Window Washer 45 cm","Buah",6,2,12,{"v":30000,"d":"Rp30,000.00"},{"v":30000,"d":"Rp30,000.00"},{"v":360000,"d":"Rp360,000.00"}]
[31,"Refill Window Washer 45cm","Buah",12,1,12,{"v":25000,"d":"Rp25,000.00"},{"v":25000,"d":"Rp25,000.00"},{"v":300000,"d":"Rp300,000.00"}]
[32,"Kain Mop Biru/Putih","Buah",8,12,96,{"v":20000,"d":"Rp20,000.00"},{"v":160000,"d":"Rp160,000.00"},{"v":1920000,"d":"Rp1,920,000.00"}]
[33,"Kain Mop merah","Buah",12,12,144,{"v":20000,"d":"Rp20,000.00"},{"v":240000,"d":"Rp240,000.00"},{"v":2880000,"d":"Rp2,880,000.00"}]
[34,"Serbet Dapur","Buah",20,6,120,{"v":3000,"d":"Rp3,000.00"},{"v":30000,"d":"Rp30,000.00"},{"v":360000,"d":"Rp360,000.00"}]
[35,"Dust mop Acrylic 60 cm replacement","Buah",6,3,18,{"v":35000,"d":"Rp35,000.00"},{"v":52500,"d":"Rp52,500.00"},{"v":630000,"d":"Rp630,000.00"}]
[36,"Dust mop Acrylic 80 cm replacement","Buah",9,3,27,{"v":40000,"d":"Rp40,000.00"},{"v":90000,"d":"Rp90,000.00"},{"v":1080000,"d":"Rp1,080,000.00"}]
[37,"cleaning tools belt black","Buah",17,1,17,{"v":60000,"d":"Rp60,000.00"},{"v":85000,"d":"Rp85,000.00"},{"v":1020000,"d":"Rp1,020,000.00"}]
[38,"Sapu lidi gagang","Buah",6,2,12,{"v":10000,"d":"Rp10,000.00"},{"v":10000,"d":"Rp10,000.00"},{"v":120000,"d":"Rp120,000.00"}]
[39,"Telescopic Pole/Longstick ( 2m x 3 = 6 meter)","Buah",3,1,3,{"v":175000,"d":"Rp175,000.00"},{"v":43750,"d":"Rp43,750.00"},{"v":525000,"d":"Rp525,000.00"}]
["Subtotal Harga Perlengkapan Kebersihan",{"$nulls":6},{"$f":"SUM(H4:H41)","v":{"v":2287750,"d":"Rp2,287,750.00"}},{"$f":"SUM(I4:I41)","v":{"v":27453000,"d":"Rp27,453,000.00"}}]
["B","Bahan Kebersihan"]
[1,"Pengharum Ruangan Spray (merek bayfresh/setara; 320ml)","kaleng",24,12,{"$f":"D44*E44","v":288},{"v":20000,"d":"Rp20,000.00"},{"$f":"F44*G44/12","v":{"v":480000,"d":"Rp480,000.00"}},{"$f":"F44*G44","v":{"v":5760000,"d":"Rp5,760,000.00"}}]
[2,"Semprot Nyamuk (merek baygon/hit/setara; 675ml)","kaleng",12,12,144,{"v":27500,"d":"Rp27,500.00"},{"v":330000,"d":"Rp330,000.00"},{"v":3960000,"d":"Rp3,960,000.00"}]
[3,"Pengharum Ruangan Gantung (Dahlia/Glade/Setara; 70 gram)","pack",15,12,180,{"v":11500,"d":"Rp11,500.00"},{"v":172500,"d":"Rp172,500.00"},{"v":2070000,"d":"Rp2,070,000.00"}]
[4,"Tissue Facial (merek Jolly 2 ply 250 sheets)","pcs",{"$f":"48*3","v":144},12,1728,{"v":8000,"d":"Rp8,000.00"},{"v":1152000,"d":"Rp1,152,000.00"},{"v":13824000,"d":"Rp13,824,000.00"}]
[5,"Tissue Roll (merek Tessa 2 ply 328 sheets; 6 rolls/pack)","pack",120,12,1440,{"v":20000,"d":"Rp20,000.00"},{"v":2400000,"d":"Rp2,400,000.00"},{"v":28800000,"d":"Rp28,800,000.00"}]
[6,"Tissue Hand Towel (merek Livi 1 ply 150 sheets; 24 pcs/pack)","pack",{"$f":"360/24","v":15},12,180,{"v":9000,"d":"Rp9,000.00"},{"v":135000,"d":"Rp135,000.00"},{"v":1620000,"d":"Rp1,620,000.00"}]
[7,"Floorcleaner (merek Johnson; 4L)","Galon",12,12,144,{"v":85000,"d":"Rp85,000.00"},{"v":1020000,"d":"Rp1,020,000.00"},{"v":12240000,"d":"Rp12,240,000.00"}]
[8,"Glass Cleaner (merek Cling/Mr. Muscle/setara; 4L)","Galon",6,12,72,{"v":58000,"d":"Rp58,000.00"},{"v":348000,"d":"Rp348,000.00"},{"v":4176000,"d":"Rp4,176,000.00"}]
[9,"Kamper Bola Gantung (merek Swallow/Dahlia; 2pcs/pack; 150gr)","pack",20,12,240,{"v":25500,"d":"Rp25,500.00"},{"v":510000,"d":"Rp510,000.00"},{"v":6120000,"d":"Rp6,120,000.00"}]
[10,"Bubuk Pembersih Serbaguna (merek metachem 1 Kg)","botol",8,12,96,{"v":22500,"d":"Rp22,500.00"},{"v":180000,"d":"Rp180,000.00"},{"v":2160000,"d":"Rp2,160,000.00"}]
[11,"Rugbee Shampoo Karpet (merek Jhonson; 4L)","Galon",1,12,12,{"v":155000,"d":"Rp155,000.00"},{"v":155000,"d":"Rp155,000.00"},{"v":1860000,"d":"Rp1,860,000.00"}]
[12,"HDSSR (Merek Jhonson; 4L)","kaleng",1,6,6,{"v":375000,"d":"Rp375,000.00"},{"v":187500,"d":"Rp187,500.00"},{"v":2250000,"d":"Rp2,250,000.00"}]
[13,"Detergen Bubuk (merek Attack/setara; 1,5 kg)","bungkus",10,12,120,{"v":27000,"d":"Rp27,000.00"},{"v":270000,"d":"Rp270,000.00"},{"v":3240000,"d":"Rp3,240,000.00"}]
[14,"Furniture Polish Liquid (merek Pledge; 410ml)","bungkus",12,12,144,{"v":27500,"d":"Rp27,500.00"},{"v":330000,"d":"Rp330,000.00"},{"v":3960000,"d":"Rp3,960,000.00"}]
[15,"Furniture Polish Oil (merek Pledge; 170ml)","botol",7,12,84,{"v":16500,"d":"Rp16,500.00"},{"v":115500,"d":"Rp115,500.00"},{"v":1386000,"d":"Rp1,386,000.00"}]
[16,"Glo Metal Polish (Merek Johnson; 2L)","Galon",1,12,12,{"v":325000,"d":"Rp325,000.00"},{"v":325000,"d":"Rp325,000.00"},{"v":3900000,"d":"Rp3,900,000.00"}]
[17,"Marble Polish Powder (Merek Extra/setara; 1kg)","Botol",1,12,12,{"v":135000,"d":"Rp135,000.00"},{"v":135000,"d":"Rp135,000.00"},{"v":1620000,"d":"Rp1,620,000.00"}]
[18,"Marble Klin (Merek Johnson; 4 Liter)","Galon",1,12,12,{"v":145000,"d":"Rp145,000.00"},{"v":145000,"d":"Rp145,000.00"},{"v":1740000,"d":"Rp1,740,000.00"}]
[19,"Waxstrip (Merek Johnson; 4 Liter)","Galon",1,6,6,{"v":105000,"d":"Rp105,000.00"},{"v":52500,"d":"Rp52,500.00"},{"v":630000,"d":"Rp630,000.00"}]
[20,"New Complete (Merek Johnson; 4 Liter)","Galon",1,12,12,{"v":255000,"d":"Rp255,000.00"},{"v":255000,"d":"Rp255,000.00"},{"v":3060000,"d":"Rp3,060,000.00"}]
[21,"Bowl Getter (4 Liter)","Galon",6,12,72,{"v":95000,"d":"Rp95,000.00"},{"v":570000,"d":"Rp570,000.00"},{"v":6840000,"d":"Rp6,840,000.00"}]
[22,"Pengkilap Lantai (Merek Hi Gloss/setara; 500gr)","Kaleng",1,12,12,{"v":45000,"d":"Rp45,000.00"},{"v":45000,"d":"Rp45,000.00"},{"v":540000,"d":"Rp540,000.00"}]
[23,"Karbol Lantai (Merek Wipol/SOS; 5L)","Galon",1,12,12,{"v":95000,"d":"Rp95,000.00"},{"v":95000,"d":"Rp95,000.00"},{"v":1140000,"d":"Rp1,140,000.00"}]
[24,"Kantong Sampah Kecil (Merek Klinpak; 40 x 50 cm;  isi 30 pcs/pack)","Pack",25,12,300,{"v":12500,"d":"Rp12,500.00"},{"v":312500,"d":"Rp312,500.00"},{"v":3750000,"d":"Rp3,750,000.00"}]
[25,"Kantong Sampah Besar (Merek Klinpak; 80 x 100 cm;  isi 8 pcs/pack)","Pack",50,12,600,{"v":12500,"d":"Rp12,500.00"},{"v":625000,"d":"Rp625,000.00"},{"v":7500000,"d":"Rp7,500,000.00"}]
[26,"Kantong Sampah Ekstra Besar (Merek Klinpak; 100 x 120 cm;  isi 5 pcs/pack)","Pack",60,12,720,{"v":15000,"d":"Rp15,000.00"},{"v":900000,"d":"Rp900,000.00"},{"v":10800000,"d":"Rp10,800,000.00"}]
[27,"Sabun cuci piring (merek sunlight/mama lemon; 5L)","bungkus",7,12,84,{"v":60000,"d":"Rp60,000.00"},{"v":420000,"d":"Rp420,000.00"},{"v":5040000,"d":"Rp5,040,000.00"}]
[28,"Sabun cuci tangan (merek SOS; 4L)","Galon",3,12,36,{"v":65000,"d":"Rp65,000.00"},{"$f":"F71*G71/12","v":{"v":195000,"d":"Rp195,000.00"}},{"v":2340000,"d":"Rp2,340,000.00"}]
["Subtotal Harga Bahan Kebersihan",{"$nulls":6},{"$f":"SUM(H44:H71)","v":{"v":11860500,"d":"Rp11,860,500.00"}},{"$f":"SUM(I44:I71)","v":{"v":142326000,"d":"Rp142,326,000.00"}}]
["C","Sewa Alat Kebersihan"]
[1,"Vacuum Wet and Dry Cleaner (15 Liter)  (merek karcher/krisbow/setara)","Unit",6,12,{"$f":"D74*E74","v":72},{"v":75000,"d":"Rp75,000.00"},{"$f":"F74*G74/12","v":{"v":450000,"d":"Rp450,000.00"}},{"$f":"F74*G74","v":{"v":5400000,"d":"Rp5,400,000.00"}}]
[2,"Carpet Vacuum Extractor (merek karcher/krisbow/setara)","Unit",1,12,12,{"v":149926.6667,"d":"Rp149,926.67"},{"v":149926.6667,"d":"Rp149,926.67"},{"v":1799120.0004,"d":"Rp1,799,120.00"}]
[3,"Blower Karpet (Merek Krisbow/Minutemen/setara)","Unit",2,12,24,{"v":50000,"d":"Rp50,000.00"},{"v":100000,"d":"Rp100,000.00"},{"v":1200000,"d":"Rp1,200,000.00"}]
[4,"Vacuum Dry Cleaner (3 Liter) (Merek Krisbow/setara)","Unit",1,12,12,{"v":50000,"d":"Rp50,000.00"},{"v":50000,"d":"Rp50,000.00"},{"v":600000,"d":"Rp600,000.00"}]
[5,"Mesin Poles Lantai (Low Speed) 17\" (merek karcher/krisbow)","Unit",2,12,24,{"v":150000,"d":"Rp150,000.00"},{"v":300000,"d":"Rp300,000.00"},{"v":3600000,"d":"Rp3,600,000.00"}]
[6,"Mesin Penyemprot Air Tekanan Tinggi (Max. Pressure 140 Bar)","Unit",1,12,12,{"v":50000,"d":"Rp50,000.00"},{"v":50000,"d":"Rp50,000.00"},{"v":600000,"d":"Rp600,000.00"}]
[7,"Single Bucket Mop Wringer (20 Liter)","Unit",6,12,72,{"v":25000,"d":"Rp25,000.00"},{"v":150000,"d":"Rp150,000.00"},{"v":1800000,"d":"Rp1,800,000.00"}]
[8,"Troli Prestar NG 401 500kg","Unit",3,12,36,{"v":25000,"d":"Rp25,000.00"},{"v":75000,"d":"Rp75,000.00"},{"v":900000,"d":"Rp900,000.00"}]
["Subtotal Sewa Alat Kebersihan",{"$nulls":6},{"$f":"SUM(H74:H81)","v":{"v":1324926.6667,"d":"Rp1,324,926.67"}},{"$f":"SUM(I74:I81)","v":{"v":15899120.0004,"d":"Rp15,899,120.00"}}]
["Total Keseluruhan",{"$nulls":6},{"$f":"H42+H72+H82","v":{"v":15473176.6667,"d":"Rp15,473,176.67"}},{"$f":"I42+I72+I82","v":{"v":185678120.0004,"d":"Rp185,678,120.00"}}]
[]
[{"$nulls":7},": masukkan penawaran pada cell berwarna hijau"]

{"sheet":"Sheet1","index":6,"n_rows":81,"n_cols":18,"rows_kept":81,"hidden":true,"merged":[[0,0,2,0],[0,1,2,1],[0,2,0,6],[0,7,0,11],[1,2,1,4],[1,5,2,5],[1,6,2,6],[1,7,1,9],[1,10,2,10],[1,11,2,11],[20,16,20,21],[21,16,21,21],[22,16,22,21],[23,16,23,21],[24,16,24,21],[27,16,27,18],[28,16,28,18],[29,16,29,18],[30,16,30,18],[31,16,31,18],[34,16,34,18],[35,16,35,18],[36,16,36,18],[37,16,37,18]]}
["No.","item",2024,{"$nulls":4},2025]
[null,null,"Volume",null,null,"Harga Satuan","Jumlah","Volume",null,null,"Harga Satuan","Jumlah"]
[null,null,"Orang","Bulan/ Kali","Total",null,null,"Orang","Bulan/Kali","Total"]
["A","Upah",{"$nulls":4},{"$f":"SUM(G5:G14)","v":{"v":3608160000,"d":"Rp3,608,160,000.00"}},{"$nulls":4},{"$f":"SUM(L5:L14)","v":{"v":6702180000,"d":"Rp6,702,180,000.00"}},null,"NB:"]
[1,"Resepsionis",1,12,{"$f":"C5*D5","v":12},{"v":5250000,"d":"Rp5,250,000.00"},{"$f":"E5*F5","v":{"v":63000000,"d":"Rp63,000,000.00"}},2,12,{"$f":"H5*I5","v":24},{"v":5250000,"d":"Rp5,250,000.00"},{"$f":"J5*K5","v":{"v":126000000,"d":"Rp126,000,000.00"}},null,"1.","Gaji 2025 masih berdasarkan asumsi SBM 2024"]
[2,"Supervisor",1,12,{"$f":"C6*D6","v":12},{"v":5750000,"d":"Rp5,750,000.00"},{"$f":"E6*F6","v":{"v":69000000,"d":"Rp69,000,000.00"}},2,12,{"$f":"H6*I6","v":24},{"v":5750000,"d":"Rp5,750,000.00"},{"v":138000000,"d":"Rp138,000,000.00"}]
[3,"Petugas Taman",4,12,48,{"v":5104000,"d":"Rp5,104,000.00"},{"v":244992000,"d":"Rp244,992,000.00"},4,12,48,{"v":5104000,"d":"Rp5,104,000.00"},{"v":244992000,"d":"Rp244,992,000.00"},null,"Pembagian Tugas Pramubakti"]
[4,"Petugas Kebersihan",19,12,228,{"v":5104000,"d":"Rp5,104,000.00"},{"v":1163712000,"d":"Rp1,163,712,000.00"},19,12,228,{"v":5104000,"d":"Rp5,104,000.00"},{"v":1163712000,"d":"Rp1,163,712,000.00"},null,null,"Lantai","Taman","Kebersihan","Pramubakti"]
[5,"Pramubakti",7,12,84,{"v":5104000,"d":"Rp5,104,000.00"},{"v":428736000,"d":"Rp428,736,000.00"},7,12,84,{"v":5104000,"d":"Rp5,104,000.00"},{"v":428736000,"d":"Rp428,736,000.00"},null,null,"Basement & Lapangan",4,3,0]
[6,"Koord. Satpam",1,12,12,{"v":6215000,"d":"Rp6,215,000.00"},{"v":74580000,"d":"Rp74,580,000.00"},1,12,12,{"v":6215000,"d":"Rp6,215,000.00"},{"v":74580000,"d":"Rp74,580,000.00"},null,null,1,0,1,1]
[7,"Danru Satpam",4,12,48,{"v":5915000,"d":"Rp5,915,000.00"},{"v":283920000,"d":"Rp283,920,000.00"},4,12,48,{"v":5915000,"d":"Rp5,915,000.00"},{"v":283920000,"d":"Rp283,920,000.00"},null,null,"1B",0,2,0]
[8,"Anggota Satpam",19,12,228,{"v":5615000,"d":"Rp5,615,000.00"},{"v":1280220000,"d":"Rp1,280,220,000.00"},23,12,276,{"v":5615000,"d":"Rp5,615,000.00"},{"v":1549740000,"d":"Rp1,549,740,000.00"},null,null,2,0,3,1]
[9,"Pengemudi",0,12,0,0,0,25,12,300,{"v":5615000,"d":"Rp5,615,000.00"},{"v":1684500000,"d":"Rp1,684,500,000.00"},null,null,3,0,3,1]
[10,"Teknisi",0,12,0,0,0,16,12,192,{"v":5250000,"d":"Rp5,250,000.00"},{"v":1008000000,"d":"Rp1,008,000,000.00"},null,null,4,0,3,1]
["B","Non Upah",{"$nulls":12},5,0,1,1]
["i","Lembur",{"$nulls":4},{"$f":"SUM(G17:G26)","v":{"v":145153468.20809248,"d":"Rp145,153,468.21"}},{"$nulls":4},{"$f":"SUM(L17:L26)","v":{"v":274414884.3930636,"d":"Rp274,414,884.39"}},null,null,6,0,2,1]
[1,"Resepsionis",{"$f":"C5","v":1},0,{"$f":"C17*D17","v":0},{"$f":"F5/173*17*5/12","v":{"v":214956.64739884392,"d":"Rp214,956.65"}},{"$f":"E17*F17","v":0},{"$f":"H5","v":2},12,{"$f":"H17*I17","v":24},{"$f":"K5/173*17*5/12","v":{"v":214956.64739884392,"d":"Rp214,956.65"}},{"$f":"J17*K17","v":{"v":5158959.537572254,"d":"Rp5,158,959.54"}},null,null,"Wisma Mandiri",0,1,1]
[2,"Supervisor",{"$f":"C6","v":1},12,12,{"v":235428.70905587668,"d":"Rp235,428.71"},{"v":2825144.50867052,"d":"Rp2,825,144.51"},{"$f":"H6","v":2},12,24,{"v":235428.70905587668,"d":"Rp235,428.71"},{"v":5650289.01734104,"d":"Rp5,650,289.02"},null,null,"TOTAL",{"$f":"SUM(P9:P17)","v":4},19,{"$f":"SUM(R9:R17)","v":7}]
[3,"Petugas Taman",4,12,48,{"v":208978.80539499037,"d":"Rp208,978.81"},{"v":10030982.658959538,"d":"Rp10,030,982.66"},4,12,48,{"v":208978.80539499037,"d":"Rp208,978.81"},{"v":10030982.658959538,"d":"Rp10,030,982.66"}]
[4,"Petugas Kebersihan",19,12,228,{"v":208978.80539499037,"d":"Rp208,978.81"},{"v":47647167.630057804,"d":"Rp47,647,167.63"},19,12,228,{"v":208978.80539499037,"d":"Rp208,978.81"},{"v":47647167.630057804,"d":"Rp47,647,167.63"},null,"Pembagian Tugas Satpam"]
[5,"Pramubakti",7,12,84,{"v":208978.80539499037,"d":"Rp208,978.81"},{"v":17554219.65317919,"d":"Rp17,554,219.65"},7,12,84,{"v":208978.80539499037,"d":"Rp208,978.81"},{"v":17554219.65317919,"d":"Rp17,554,219.65"},null,null,"Tugas","Jumlah","Keterangan"]
[6,"Koord. Satpam",1,12,12,{"v":254467.72639691713,"d":"Rp254,467.73"},{"v":3053612.7167630056,"d":"Rp3,053,612.72"},1,12,12,{"v":254467.72639691713,"d":"Rp254,467.73"},{"v":3053612.7167630056,"d":"Rp3,053,612.72"},null,null,"Komandan Regu",4,"Dibagi menjadi 4 regu"]
[7,"Danru Satpam",4,12,48,{"v":242184.48940269745,"d":"Rp242,184.49"},{"v":11624855.491329478,"d":"Rp11,624,855.49"},4,12,48,{"v":242184.48940269745,"d":"Rp242,184.49"},{"v":11624855.491329478,"d":"Rp11,624,855.49"},null,null,"Anggota Regu",{"$f":"4*4","v":16},"4 orang per regu"]
[8,"Anggota Satpam",19,12,228,{"v":229901.25240847783,"d":"Rp229,901.25"},{"v":52417485.54913294,"d":"Rp52,417,485.55"},23,12,276,{"v":229901.25240847783,"d":"Rp229,901.25"},{"v":63452745.66473988,"d":"Rp63,452,745.66"},null,null,"Anggota non-Regu",7,"dirolling bergantian setiap bulan antara regu dan non regu"]
[9,"Pengemudi",0,12,0,0,0,25,12,300,{"v":229901.25240847783,"d":"Rp229,901.25"},{"v":68970375.72254334,"d":"Rp68,970,375.72"},null,null,"TOTAL",{"$f":"SUM(P22:P24)","v":27}]
[10,"Teknisi",0,12,0,0,0,16,12,192,{"v":214956.64739884392,"d":"Rp214,956.65"},{"v":41271676.300578035,"d":"Rp41,271,676.30"}]
["ii","BPJS Kesehatan ditanggung pemberi kerja 4%",{"$nulls":4},{"$f":"SUM(G28:G37)","v":{"v":144326400,"d":"Rp144,326,400.00"}},{"$nulls":4},{"$f":"SUM(L28:L37)","v":{"v":268087200,"d":"Rp268,087,200.00"}},null,"Pembagian Tugas Driver"]
[1,"Resepsionis",{"$f":"C5","v":1},12,{"$f":"C28*D28","v":12},{"$f":"4%*F5","v":{"v":210000,"d":"Rp210,000.00"}},{"$f":"E28*F28","v":{"v":2520000,"d":"Rp2,520,000.00"}},{"$f":"H5","v":2},12,{"$f":"H28*I28","v":24},{"$f":"4%*K5","v":{"v":210000,"d":"Rp210,000.00"}},{"$f":"J28*K28","v":{"v":5040000,"d":"Rp5,040,000.00"}},null,null,"Tugas","Jumlah","Keterangan"]
[2,"Supervisor",{"$f":"C6","v":1},12,12,{"$f":"4%*F6","v":{"v":230000,"d":"Rp230,000.00"}},{"v":2760000,"d":"Rp2,760,000.00"},{"$f":"H6","v":2},12,24,{"$f":"4%*K6","v":{"v":230000,"d":"Rp230,000.00"}},{"v":5520000,"d":"Rp5,520,000.00"},null,null,"Eselon I dan Kepala",5]
[3,"Petugas Taman",4,12,48,{"v":204160,"d":"Rp204,160.00"},{"v":9799680,"d":"Rp9,799,680.00"},4,12,48,{"v":204160,"d":"Rp204,160.00"},{"v":9799680,"d":"Rp9,799,680.00"},null,null,"Eselon II",15,"belum menghitung 2 Tenaga Ahli"]
[4,"Petugas Kebersihan",19,12,228,{"v":204160,"d":"Rp204,160.00"},{"v":46548480,"d":"Rp46,548,480.00"},19,12,228,{"v":204160,"d":"Rp204,160.00"},{"v":46548480,"d":"Rp46,548,480.00"},null,null,"Antar Jemput+Operasional",5]
[5,"Pramubakti",7,12,84,{"v":204160,"d":"Rp204,160.00"},{"v":17149440,"d":"Rp17,149,440.00"},7,12,84,{"v":204160,"d":"Rp204,160.00"},{"v":17149440,"d":"Rp17,149,440.00"},null,null,"TOTAL",{"$f":"SUM(P29:P31)","v":25}]
[6,"Koord. Satpam",1,12,12,{"v":248600,"d":"Rp248,600.00"},{"v":2983200,"d":"Rp2,983,200.00"},1,12,12,{"v":248600,"d":"Rp248,600.00"},{"v":2983200,"d":"Rp2,983,200.00"}]
[7,"Danru Satpam",4,12,48,{"v":236600,"d":"Rp236,600.00"},{"v":11356800,"d":"Rp11,356,800.00"},4,12,48,{"v":236600,"d":"Rp236,600.00"},{"v":11356800,"d":"Rp11,356,800.00"},null,"Pembagian Tugas Teknisi"]
[8,"Anggota Satpam",19,12,228,{"v":224600,"d":"Rp224,600.00"},{"v":51208800,"d":"Rp51,208,800.00"},23,12,276,{"v":224600,"d":"Rp224,600.00"},{"v":61989600,"d":"Rp61,989,600.00"},null,null,"Tugas","Jumlah","Keterangan"]
[9,"Pengemudi",0,12,0,0,0,25,12,300,{"v":224600,"d":"Rp224,600.00"},{"v":67380000,"d":"Rp67,380,000.00"},null,null,"M/E","....","...."]
[10,"Teknisi",0,12,0,0,0,16,12,192,{"v":210000,"d":"Rp210,000.00"},{"v":40320000,"d":"Rp40,320,000.00"},null,null,"Sipil","....","...."]
["iii","BPJS Ketenagakerjaan ditanggung pemberi kerja 4,24%",{"$nulls":4},{"$f":"SUM(G39:G48)","v":0},{"$nulls":4},{"$f":"SUM(L39:L48)","v":{"v":284172432,"d":"Rp284,172,432.00"}},null,null,"TOTAL","...."]
[1,"Resepsionis",{"$f":"C5","v":1},0,{"$f":"C39*D39","v":0},{"$f":"4.24%*F5","v":{"v":222600,"d":"Rp222,600.00"}},{"$f":"E39*F39","v":0},{"$f":"H5","v":2},12,{"$f":"H39*I39","v":24},{"$f":"4.24%*K5","v":{"v":222600,"d":"Rp222,600.00"}},{"$f":"J39*K39","v":{"v":5342400,"d":"Rp5,342,400.00"}}]
[2,"Supervisor",{"$f":"C6","v":1},0,0,{"v":243800,"d":"Rp243,800.00"},0,{"$f":"H6","v":2},12,24,{"v":243800,"d":"Rp243,800.00"},{"v":5851200,"d":"Rp5,851,200.00"}]
[3,"Petugas Taman",4,0,0,{"v":216409.6,"d":"Rp216,409.60"},0,4,12,48,{"v":216409.6,"d":"Rp216,409.60"},{"v":10387660.8,"d":"Rp10,387,660.80"}]
[4,"Petugas Kebersihan",19,0,0,{"v":216409.6,"d":"Rp216,409.60"},0,19,12,228,{"v":216409.6,"d":"Rp216,409.60"},{"v":49341388.800000004,"d":"Rp49,341,388.80"}]
[5,"Pramubakti",7,0,0,{"v":216409.6,"d":"Rp216,409.60"},0,7,12,84,{"v":216409.6,"d":"Rp216,409.60"},{"v":18178406.400000002,"d":"Rp18,178,406.40"}]
[6,"Koord. Satpam",1,0,0,{"v":263516,"d":"Rp263,516.00"},0,1,12,12,{"v":263516,"d":"Rp263,516.00"},{"v":3162192,"d":"Rp3,162,192.00"}]
[7,"Danru Satpam",4,0,0,{"v":250796,"d":"Rp250,796.00"},0,4,12,48,{"v":250796,"d":"Rp250,796.00"},{"v":12038208,"d":"Rp12,038,208.00"}]
[8,"Anggota Satpam",19,0,0,{"v":238076,"d":"Rp238,076.00"},0,23,12,276,{"v":238076,"d":"Rp238,076.00"},{"v":65708976,"d":"Rp65,708,976.00"}]
[9,"Pengemudi",0,0,0,0,0,25,12,300,{"v":238076,"d":"Rp238,076.00"},{"v":71422800,"d":"Rp71,422,800.00"}]
[10,"Teknisi",0,0,0,0,0,16,12,192,{"v":222600,"d":"Rp222,600.00"},{"v":42739200,"d":"Rp42,739,200.00"}]
["iv","Tunjangan Hari Raya",{"$nulls":4},{"$f":"SUM(G50:G59)","v":{"v":300680000,"d":"Rp300,680,000.00"}},{"$nulls":4},{"$f":"SUM(L50:L59)","v":{"v":558515000,"d":"Rp558,515,000.00"}}]
[1,"Resepsionis",{"$f":"C5","v":1},1,{"$f":"C50*D50","v":1},{"$f":"F5","v":{"v":5250000,"d":"Rp5,250,000.00"}},{"$f":"E50*F50","v":{"v":5250000,"d":"Rp5,250,000.00"}},{"$f":"H5","v":2},1,{"$f":"H50*I50","v":2},{"$f":"K5","v":{"v":5250000,"d":"Rp5,250,000.00"}},{"$f":"J50*K50","v":{"v":10500000,"d":"Rp10,500,000.00"}}]
[2,"Supervisor",{"$f":"C6","v":1},1,1,{"$f":"F6","v":{"v":5750000,"d":"Rp5,750,000.00"}},{"v":5750000,"d":"Rp5,750,000.00"},{"$f":"H6","v":2},1,2,{"$f":"K6","v":{"v":5750000,"d":"Rp5,750,000.00"}},{"v":11500000,"d":"Rp11,500,000.00"}]
[3,"Petugas Taman",4,1,4,{"v":5104000,"d":"Rp5,104,000.00"},{"v":20416000,"d":"Rp20,416,000.00"},4,1,4,{"v":5104000,"d":"Rp5,104,000.00"},{"v":20416000,"d":"Rp20,416,000.00"}]
[4,"Petugas Kebersihan",19,1,19,{"v":5104000,"d":"Rp5,104,000.00"},{"v":96976000,"d":"Rp96,976,000.00"},19,1,19,{"v":5104000,"d":"Rp5,104,000.00"},{"v":96976000,"d":"Rp96,976,000.00"}]
[5,"Pramubakti",7,1,7,{"v":5104000,"d":"Rp5,104,000.00"},{"v":35728000,"d":"Rp35,728,000.00"},7,1,7,{"v":5104000,"d":"Rp5,104,000.00"},{"v":35728000,"d":"Rp35,728,000.00"}]
[6,"Koord. Satpam",1,1,1,{"v":6215000,"d":"Rp6,215,000.00"},{"v":6215000,"d":"Rp6,215,000.00"},1,1,1,{"v":6215000,"d":"Rp6,215,000.00"},{"v":6215000,"d":"Rp6,215,000.00"}]
[7,"Danru Satpam",4,1,4,{"v":5915000,"d":"Rp5,915,000.00"},{"v":23660000,"d":"Rp23,660,000.00"},4,1,4,{"v":5915000,"d":"Rp5,915,000.00"},{"v":23660000,"d":"Rp23,660,000.00"}]
[8,"Anggota Satpam",19,1,19,{"v":5615000,"d":"Rp5,615,000.00"},{"v":106685000,"d":"Rp106,685,000.00"},23,1,23,{"v":5615000,"d":"Rp5,615,000.00"},{"v":129145000,"d":"Rp129,145,000.00"}]
[9,"Pengemudi",0,1,0,0,0,25,1,25,{"v":5615000,"d":"Rp5,615,000.00"},{"v":140375000,"d":"Rp140,375,000.00"}]
[10,"Teknisi",0,1,0,0,0,16,1,16,{"v":5250000,"d":"Rp5,250,000.00"},{"v":84000000,"d":"Rp84,000,000.00"}]
["v","Kompensasi PKWT",{"$nulls":4},{"$f":"SUM(G61:G70)","v":0},{"$nulls":4},{"$f":"SUM(L61:L70)","v":{"v":558515000,"d":"Rp558,515,000.00"}}]
[1,"Resepsionis",{"$f":"C5","v":1},0,{"$f":"C61*D61","v":0},{"$f":"F5","v":{"v":5250000,"d":"Rp5,250,000.00"}},{"$f":"E61*F61","v":0},{"$f":"H5","v":2},1,{"$f":"H61*I61","v":2},{"$f":"K5","v":{"v":5250000,"d":"Rp5,250,000.00"}},{"$f":"J61*K61","v":{"v":10500000,"d":"Rp10,500,000.00"}}]
[2,"Supervisor",{"$f":"C6","v":1},0,0,{"$f":"F6","v":{"v":5750000,"d":"Rp5,750,000.00"}},0,{"$f":"H6","v":2},1,2,{"$f":"K6","v":{"v":5750000,"d":"Rp5,750,000.00"}},{"v":11500000,"d":"Rp11,500,000.00"}]
[3,"Petugas Taman",4,0,0,{"v":5104000,"d":"Rp5,104,000.00"},0,4,1,4,{"v":5104000,"d":"Rp5,104,000.00"},{"v":20416000,"d":"Rp20,416,000.00"}]
[4,"Petugas Kebersihan",19,0,0,{"v":5104000,"d":"Rp5,104,000.00"},0,19,1,19,{"v":5104000,"d":"Rp5,104,000.00"},{"v":96976000,"d":"Rp96,976,000.00"}]
[5,"Pramubakti",7,0,0,{"v":5104000,"d":"Rp5,104,000.00"},0,7,1,7,{"v":5104000,"d":"Rp5,104,000.00"},{"v":35728000,"d":"Rp35,728,000.00"}]
[6,"Koord. Satpam",1,0,0,{"v":6215000,"d":"Rp6,215,000.00"},0,1,1,1,{"v":6215000,"d":"Rp6,215,000.00"},{"v":6215000,"d":"Rp6,215,000.00"}]
[7,"Danru Satpam",4,0,0,{"v":5915000,"d":"Rp5,915,000.00"},0,4,1,4,{"v":5915000,"d":"Rp5,915,000.00"},{"v":23660000,"d":"Rp23,660,000.00"}]
[8,"Anggota Satpam",19,0,0,{"v":5615000,"d":"Rp5,615,000.00"},0,23,1,23,{"v":5615000,"d":"Rp5,615,000.00"},{"v":129145000,"d":"Rp129,145,000.00"}]
[9,"Pengemudi",0,0,0,0,0,25,1,25,{"v":5615000,"d":"Rp5,615,000.00"},{"v":140375000,"d":"Rp140,375,000.00"}]
[10,"Teknisi",0,0,0,0,0,16,1,16,{"v":5250000,"d":"Rp5,250,000.00"},{"v":84000000,"d":"Rp84,000,000.00"}]
["B","Operasional",{"$nulls":4},{"$f":"SUM(G72:G77)","v":{"v":206500000,"d":"Rp206,500,000.00"}},{"$nulls":4},{"$f":"SUM(L72:L77)","v":{"v":352500000,"d":"Rp352,500,000.00"}}]
[1,"Seragam",{"$f":"SUM(C5,C6,C7,C8,C9,C13)","v":32},2,{"$f":"C72*D72","v":64},{"v":550000,"d":"Rp550,000.00"},{"$f":"E72*F72","v":{"v":35200000,"d":"Rp35,200,000.00"}},{"$f":"SUM(H5,H6,H7,H8,H9,H13)","v":59},2,{"$f":"H72*I72","v":118},{"v":550000,"d":"Rp550,000.00"},{"$f":"J72*K72","v":{"v":64900000,"d":"Rp64,900,000.00"}}]
[2,"Pengembangan Pegawai",{"$f":"SUM(C5,C7,C8,C9,C13,C14)","v":31},1,31,{"v":1500000,"d":"Rp1,500,000.00"},{"v":46500000,"d":"Rp46,500,000.00"},{"$f":"SUM(H5,H7,H8,H9,H11,H12,H13,H14)","v":100},1,100,{"v":1500000,"d":"Rp1,500,000.00"},{"v":150000000,"d":"Rp150,000,000.00"}]
[3,"Seragam Satpam dan Teknisi",{"$f":"SUM(C10,C11,C12,C14)","v":24},2,48,{"v":1200000,"d":"Rp1,200,000.00"},{"v":57600000,"d":"Rp57,600,000.00"},{"$f":"SUM(H10,H11,H12,H14)","v":44},2,88,{"v":1200000,"d":"Rp1,200,000.00"},{"v":105600000,"d":"Rp105,600,000.00"}]
[4,"Pelatihan dan Refresh",{"$f":"SUM(C10,C11,C12)","v":24},4,96,{"v":100000,"d":"Rp100,000.00"},{"v":9600000,"d":"Rp9,600,000.00"},{"$f":"SUM(H10,H11,H12)","v":28},4,112,{"v":100000,"d":"Rp100,000.00"},{"v":11200000,"d":"Rp11,200,000.00"}]
[5,"Patroli dan Koordinasi",{"$f":"SUM(C10,C11,C12)","v":24},4,96,{"v":100000,"d":"Rp100,000.00"},{"v":9600000,"d":"Rp9,600,000.00"},{"$f":"SUM(H11,H12,H13)","v":52},4,208,{"v":100000,"d":"Rp100,000.00"},{"v":20800000,"d":"Rp20,800,000.00"}]
[6,"Pengembangan Satpam & Legalitas",8,1,8,{"v":6000000,"d":"Rp6,000,000.00"},{"v":48000000,"d":"Rp48,000,000.00"},0,0,0,0,0]
["c","MANAGEMENT FEE",{"$nulls":4},{"$f":"10%*SUM(G4,G16,G27,G38,G49,G60,G71)","v":{"v":440481986.8208093,"d":"Rp440,481,986.82"}},{"$nulls":4},{"$f":"10%*SUM(L4,L16,L27,L38,L49,L60,L71)","v":{"v":899838451.6393063,"d":"Rp899,838,451.64"}}]
[{"$nulls":5},"SUBTOTAL",{"$f":"SUM(G4,G16,G27,G38,G49,G60,G71,G78)","v":{"v":4845301855.028902,"d":"Rp4,845,301,855.03"}},{"$nulls":3},"SUBTOTAL",{"$f":"SUM(L4,L16,L27,L38,L49,L60,L71,L78)","v":{"v":9898222968.03237,"d":"Rp9,898,222,968.03"}}]
[{"$nulls":5},"PPN 11%",{"$f":"G79*11%","v":{"v":532983204.0531792,"d":"Rp532,983,204.05"}},{"$nulls":3},"PPN 12%",{"$f":"L79*12%","v":{"v":1187786756.1638844,"d":"Rp1,187,786,756.16"}}]
[{"$nulls":5},"TOTAL",{"$f":"G79+G80","v":{"v":5378285059.082081,"d":"Rp5,378,285,059.08"}},{"$nulls":3},"TOTAL",{"$f":"L79+L80","v":{"v":11086009724.196255,"d":"Rp11,086,009,724.20"}}]

{"sheet":"Sheet2","index":7,"n_rows":0,"n_cols":0,"rows_kept":0}